{"text_format":"3","workbook":"xlsx","n_sheets":7,"sheets":["ABST.","DETAILED","LEAD","DATA","DATA2","Sheet2","STEEL"],"not_rendered":{"external_links":4,"defined_names":17},"read":"whole","date_system":"1900"}

{"sheet":"ABST.","index":0,"n_rows":75,"n_cols":14,"rows_kept":75,"merged":[[0,0,1,6],[10,0,10,5],[10,9,10,12],[74,4,74,5]]}
["ESTIMATION FOR ADDITIONAL CONSTRUCTION OF MASONRY OVER EXISTING COMPOUND WALL AT KANNUR AIRPORT,KOCHI"]
[]
[{"$nulls":3},"ABSTRACT ESTIMATE"]
["S.NO","Quantity ","UNIT","Description of Work","RATE","PER UNIT","AMOUNT"]
[]
[1,21,"Cu.m.","Additional construction of masonry wall of 200mm  thick, 300mm high for length of about 350 metres, over existing compound wall using laterite blocks of dimension 300mm x 150mm x 200mm (8in thick) and cement mortar of mix ratio 1:6",{"$f":"DATA2!G18","v":{"v":7929.537966971021,"d":"7929.54"}},"Cu.m.",{"$f":"B6*E6","v":{"v":166520.29730639144,"d":"166520.30"}}]
[2,280,"Sq.m.","Plastering of Masonry Wall of length 350m,height 300mm and 200mm thick, using cement,M-sand at the ratio of 1:5 of 12mm plaster thickness",{"$f":"DATA2!G31","v":{"v":259.1,"d":"259.10"}},"Sq.m.",{"$f":"B7*E7","v":{"v":72548,"d":"72548.00"}}]
[3,280,"Sq.m.","Providing and applying one coat of exterior grade CEMENT PRIMER over newly plastered masonry surface, including surface preparation, cleaning, patch filling, and curing; applied uniformly by brush/roller as per manufacturer specification, complete in all respects.",{"$f":"DATA2!G58","v":{"v":91.80000000000001,"d":"91.80"}},"Sq.m.",{"$f":"B8*E8","v":{"v":25704.000000000004,"d":"25704.00"}}]
[4,280,"Sq.m.","Providing and applying one  coat of CEMENT PAINT of approved shade and brand over primed surface, including surface preparation, achieving uniform shade and finish, and protecting work from moisture and weather during execution, complete in all respects.",{"$f":"DATA2!G59","v":75.05},"Sq.m.",{"$f":"B9*E9","v":{"v":21014,"d":"21014.00"}}]
[5,20,"m","Providing two legged scaffolding using 15cm diameter blue-gum posts or casuarina posts or best quality bamboo posts of 4m over all length (3m+0.5m projection+0.5m into the ground) the distance between the two rows being 1.25m and the spacing of posts being 2m in both the rows with two horizontal posts with 0.5m overlap on either side and braces at2m c/c including longitudinal and transverse middle braces to step up and providing a platform with  country wood planks of 40mm thick and 1m width etc.,in a complete form using coir and nails 1m run. ",{"$f":"DATA2!G75","v":{"v":464.3,"d":"464.30"}},"m",{"$f":"B10*E10","v":{"v":9286,"d":"9286.00"}}]
["TOTAL ESTIMATE IN RUPEES",{"$nulls":5},{"$f":"SUM(G6:G10)","v":{"v":295072.29730639147,"d":"295072.30"}},null,null,{"$f":"G11-G9-G8-G7","v":{"v":175806.29730639147,"d":"175806.30"}},{"$nulls":3},{"$f":"J11/350","v":502.3037065896899}]
[]
[5,null,null,"Supply, erect, maintain and dismantle steel tubular scaffolding (tube & coupler / system scaffold) complete with standards, ledgers, transoms, base plates, diagonal bracing, guard-rails, toe-boards, steel decking planks, ladders, temporary weather cover and all accessories to provide safe working platform at 3.3 m height for 20.0 m length per batch. Hire of steel scaffolding for working elevation 66.0 m² per batch (20 m × 3.3 m), charged per week / per duration as applicable. Total of 54 batches estimated.(18+18+18)"]
[]
[]
[1,{"$f":"DETAILED!O16","v":3672},"Cft","Excavation of foundation trench of size 6'0\" x 6'0\" x 6'0\" for 17 columns",{"$f":"DATA!H13","v":{"v":2.646559048428207,"d":"2.65"}},"per Cft",{"$f":"B16*E16","v":{"v":9718.164825828377,"d":"9718.16"}}]
[" "]
[2,{"$f":"DETAILED!O18","v":{"$error":"#REF!"}},"Cft","Filling and consolidation of M.Sand at the base of each foundation trench for a volume of 6'0\" x 6'0\" x 0'6\" ( 18 cft) for 17 columns ",{"$f":"DATA!H18","v":{"v":48.864910790144435,"d":"48.86"}},"per Cft",{"$f":"B18*E18","v":{"$error":"#REF!"}}]
[" "]
[3,{"$f":"DETAILED!O20","v":{"$error":"#REF!"}},"Cft","Laying of Plain Cement Concrete M7.5 grade (1:4:8) of volume 18 cft(6'0\" x 6'0\" x 0'6\") each for 17 columns ",{"$f":"DATA!H27","v":{"v":145.72359105069384,"d":"145.72"}},"per Cft",{"$f":"B20*E20","v":{"$error":"#REF!"}}]
[" "]
[4,{"$f":"DETAILED!O22","v":637.5},"Cft","Laying of Sloped Footing of 5'0\" x 5'0\" with cuboidal base depth of 0'9\" and trapezoidal lining depth of 0'9\" with M20 grade concrete (1:2:4) and reinforcing with 12mm main rods & distributor rods at 0'6\" centre to centre spacing and allround cover clearance of 0'2\" excluding reinforcecement & centring charges",{"$f":"DATA!H49","v":{"v":247.55026904559614,"d":"247.55"}},"per Cft",{"$f":"B22*E22","v":{"v":157813.29651656753,"d":"157813.30"}}]
[]
[5,{"$f":"DETAILED!O24","v":95.625},"Cft","Laying of Footing Column(pedestal) of 1'6\" x 1'6\" x2'6\" (5.625cft)with M20 grade concrete 1:2:4 and reinforcing with 4rods of 16mm, 4 rods of 20mm,  1 diamond stirrup, 1 two-legged stirrup spaced at 0'6\"c/c providing cover clearance of 0'1\" allround and 1'6\" L-bend at the base, excluding reinforcecement & centring charges",{"$f":"E22","v":{"v":247.55026904559614,"d":"247.55"}},"per Cft",{"$f":"B24*E24","v":{"v":23671.994477485132,"d":"23671.99"}}]
[]
[6,{"$f":"DETAILED!O26","v":900},"Cft","Providing Grade Beam at Plinth level of size 2'0\" x 1'6\" for a length of 300'0\" with M20 grade concrete 1:2:4 and steel reinforcement of 4 16mm bars & 4 12mm bars bound by 1 diamond stirrup, 1 two-legged stirrup at 0'7\" c/c spacing with cover clearance of 0'1\",excluding reinforcecement & centring charges",{"$f":"E24","v":{"v":247.55026904559614,"d":"247.55"}},"per Cft",{"$f":"B26*E26","v":{"v":222795.24214103652,"d":"222795.24"}}]
[]
[7,{"$f":"DETAILED!O28","v":592.875},"Cft","Laying of Columns of size 1'6\" x 1'6\" from plinth level upto roof beam bottom level for a height of 15'6\" with M20 grade concrete 1:2:4 and reinforcing with 4rods of 16mm, 4 rods of 20mm bound by 1 diamond stirrup, 1 two-legged stirrup spaced at 0'6\"c/c providing cover clearance of 0'1\" allround,excluding reinforcecement & centring charges",{"$f":"E26","v":{"v":247.55026904559614,"d":"247.55"}},"per Cft",{"$f":"B28*E28","v":{"v":146766.36576040782,"d":"146766.37"}}]
[]
[8,{"$f":"DETAILED!O30","v":1125},"Cft","Laying of Roof Beam of size 2'6\" x 1'6\" for a length of 300'0\" with M20 grade concrete 1:2:4 and steel reinforcement of 4 20mm bars & 6 16mm bars bound by 1 diamond stirrup, 1 two-legged stirrup at 0'6\" c/c spacing with 0'1\" cover,excluding reinforcecement & centring charges",{"$f":"E28","v":{"v":247.55026904559614,"d":"247.55"}},"per Cft",{"$f":"B30*E30","v":{"v":278494.0526762956,"d":"278494.05"}}]
[]
[9,{"$f":"DETAILED!O32","v":1305.5},"Cft","Providing two-way Roof Slab of thickness 0'6\" for a span of 2611 sqft with M20 grade concrete 1:2:4 and steel reinforcement of 10mm rods as main rods at 0'5\" c/c spacing and 8mm rods as distributor rods at 0'5\" c/c spacing,excluding reinforcecement & centring charges",{"$f":"E30","v":{"v":247.55026904559614,"d":"247.55"}},"per Cft",{"$f":"B32*E32","v":{"v":323176.87623902573,"d":"323176.88"}}]
[]
[10,{"$f":"DETAILED!O34","v":1305.5},"Cft","Laying of weathering course for slab floor span of 2611 sqft of 0'6\" thickness using lime,brick jelly,sand",{"$f":"DATA!H64","v":{"v":107.26989521382043,"d":"107.27"}},"per Cft",{"$f":"B34*E34","v":{"v":140040.84820164257,"d":"140040.85"}}]
[]
[11,{"$f":"DETAILED!O36","v":174.75},"Cft","Providing One-Brick Parapet Wall of 0'9\" thickness at the circumferrence of roof slab for a length of 233'0\" & height 1'0\" using burnt clay bricks of dimensions 0'9\" x 0'4 1/2\" x 0'3\" & cement sand mortar of ratio 1:6 including cornice layer with throating",{"$f":"DATA!H75","v":{"v":182.69187199093741,"d":"182.69"}},"per Cft",{"$f":"B36*E36","v":{"v":31925.404630416313,"d":"31925.40"}}]
[]
[12,{"$f":"DETAILED!O40","v":873.75},"Sqft","Plastering of Parapet Wall of length 233'0\" and height 1'0\" using cement, p-sand at the ratio of 1:4",{"$f":"DATA!I88","v":{"v":23.327137546468403,"d":"23.33"}},"per Sqft",{"$f":"B38*E38","v":{"v":20382.086431226766,"d":"20382.09"}}]
[]
[]
[13,{"$f":"DETAILED!O44","v":1350},"Sqft","Plastering of lateral sides of beam of area 1350 sqft using cement , p-sand at 1:4",{"$f":"E38","v":{"v":23.327137546468403,"d":"23.33"}},"per Sqft",{"$f":"B41*E41","v":{"v":31491.635687732345,"d":"31491.64"}}]
[null," "]
[]
[14,{"$f":"DETAILED!O47","v":2611},"Sqft","Plastering of Slab Ceiling of span 2611 sqft using cement and p-sand at 1:3",{"$f":"DATA!I100","v":{"v":26.710037174721194,"d":"26.71"}},"per Sqft",{"$f":"B44*E44","v":{"v":69739.90706319704,"d":"69739.91"}}]
[]
[]
[15,{"$f":"DETAILED!O50","v":{"v":169.715,"d":"169.72"}},"Cft","Flooring of span 2219sqft using 20mm thick granite slab(0.7ft) over sand spread of 0'2\" thickness with cement paste",{"$f":"DATA!I119","v":{"v":242.34200743494424,"d":"242.34"}},"per Cft",{"$f":"B47*E47","v":{"v":41129.07379182156,"d":"41129.07"}}]
[]
[16,{"$f":"DETAILED!O52","v":17},"nos","Ornamental pillar decorative plastering as per the drawing . Included pothigai and all other moulding designs included.",{"$f":"DATA!G127","v":30000},"per no",{"$f":"B49*E49","v":510000}]
[]
[17,{"$f":"DETAILED!O54","v":90},"Rft","Kodunkai plastering all other decorative plasterings",{"$f":"DATA!G129","v":1800},"per Rft",{"$f":"B51*E51","v":162000}]
[]
[18,{"$f":"DETAILED!O56","v":90},"Rft","Salaharam work infront of mandapam east side ",{"$f":"DATA!G131","v":3600},"per Rft",{"$f":"B53*E53","v":324000}]
[]
[19," ",null,"Centring of sides and/or soffits using MS Sheets & MS Angles supported by silver oak joists, silver oak planks and casaurian posts  "]
["a",{"$f":"DETAILED!O59","v":510},"Sqft","Footing",{"$f":"DATA!I156","v":{"v":79.80483271375465,"d":"79.80"}},"per Sqft",{"$f":"B56*E56","v":{"v":40700.46468401487,"d":"40700.46"}}]
[null," "]
["b",{"$f":"DETAILED!O61","v":255},"Sqft","Column Pedestal",{"$f":"DATA!I156","v":{"v":79.80483271375465,"d":"79.80"}},"per Sqft",{"$f":"B58*E58","v":{"v":20350.232342007435,"d":"20350.23"}}]
[]
["c",{"$f":"DETAILED!O63","v":1200},"Sqft","Plinth Beam",{"$f":"DATA!I156","v":{"v":79.80483271375465,"d":"79.80"}},"per Sqft",{"$f":"B60*E60","v":{"v":95765.79925650558,"d":"95765.80"}}]
[null," "]
["d",{"$f":"DETAILED!O65","v":1581},"Sqft","Column",{"$f":"DATA!I156","v":{"v":79.80483271375465,"d":"79.80"}},"per Sqft",{"$f":"B62*E62","v":{"v":126171.4405204461,"d":"126171.44"}}]
[null," ",{"$nulls":4}," "]
["e",{"$f":"DETAILED!O67","v":1800},"Sqft","Roof Beam  ",{"$f":"DATA!I159","v":{"v":89.03345724907064,"d":"89.03"}},"per Sqft",{"$f":"B64*E64","v":{"v":160260.22304832714,"d":"160260.22"}}]
[null," ",null," "]
["f",{"$f":"DETAILED!O71","v":2611},"Sqft","Roof Slab",{"$f":"DATA!I159","v":{"v":89.03345724907064,"d":"89.03"}},"per Sqft",{"$f":"B66*E66","v":{"v":232466.35687732344,"d":"232466.36"}}]
[null," "]
[]
[20,{"$f":"STEEL!Z100/100","v":{"v":95.80451851851852,"d":"95.80"}},"quintal","Fabrication of Steel Reinforcement",{"$f":"STEEL!W108","v":{"v":8887.4,"d":"8887.40"}},"per Qntl",{"$f":"B69*E69","v":{"v":851453.0778814815,"d":"851453.08"}}]
[]
[21,280,"lit","Painting two coats of newly plastered wall surface with ready mixed Exterior Exterior emulsion paint of first class quality and of approved colour over a priming coat including thorough scrapping, clean removal of dirt, and including necessary plaster of paris putty, wherever required etc., complete complying with standard specification.",680,"per litre",{"$f":"B71*E71","v":190400}]
[]
[22,4,"ton","Painting two coats of newly plastered wall surface with ready mixed Exterior Exterior emulsion paint of first class quality and of approved colour over a priming coat including thorough scrapping, clean removal of dirt, and including necessary plaster of paris putty, wherever required etc., complete complying with standard specification.",18000,"per ton",{"$f":"B73*E73","v":72000}]
[]
[" ",{"$nulls":3},"TOTAL ESTIMATED AMOUNT",null,{"$f":"SUM(G16:G74)","v":{"$error":"#REF!"}}]

{"sheet":"DETAILED","index":1,"n_rows":78,"n_cols":23,"rows_kept":78,"merged":[[0,0,0,15],[1,0,1,15],[3,2,3,13],[4,2,4,4],[7,0,9,0],[8,14,9,14],[8,15,9,15],[31,6,31,8],[33,6,33,8],[39,14,42,14],[43,14,44,14],[46,6,46,8],[49,6,49,8],[66,14,68,14],[70,6,70,10],[72,2,72,10],[74,2,74,4],[74,6,74,10],[76,2,76,4]]}
["ESTIMATION FOR ADDITIONAL CONSTRUCTION OF MASONRY OVER EXISTING COMPOUND WALL AT KANNUR AIRPORT,KOCHI"]
["DETAILED QUANTITY ESTIMATE"]
[]
["S.No.","Description of Work","Dimension",{"$nulls":11},"Total Quantity\n(size)","Unit",null,"Material Required","Quantity","Unit","Rate","Per Unit","Estimate"]
[null,null,"Nos",{"$nulls":3},"Length",null,"Breadth",null,"Thickness",null,"Quantity","Unit"]
[{"$nulls":6},"m",null,"m",null,"m"]
[1,"Additional construction of masonry wall of 200mm  thick, 300mm high for length of about 350 metres, over existing compound wall using laterite blocks of dimension 300mm x 150mm x 200mm (8in thick) and cement mortar of mix ratio 1:6",1,null,1,null,350,null,0.3,null,0.2,null,{"$f":"G7*I7*K7","v":21},"Cu.m.",{"$f":"M7","v":21},"Cu.m."]
[2,"Plastering of Masonry Wall of length 350m,height 300mm and 200mm thick, using cement,M-sand at the ratio of 1:5 of 12mm plaster thickness"]
[null,"Parapet Wall Sides",1,null,2,null,350,null,0.3,{"$nulls":3},{"$f":"C9*E9*G9*I9","v":210},"Sq.m.",{"$f":"M9+M10","v":280},"Sq.m."]
[null,"Parapet Wall top cornice layer",1,null,1,null,350,{"$nulls":3},0.2,null,{"$f":"C10*E10*G10*K10","v":70},"Sq.m."]
[3,"Providing and applying one coat of exterior grade CEMENT PRIMER over newly plastered masonry surface, including surface preparation, cleaning, patch filling, and curing; applied uniformly by brush/roller as per manufacturer specification, complete in all respects.",1,null,1,null,350,null,0.8,{"$nulls":3},{"$f":"C11*E11*G11*I11","v":280},"Sq.m.",{"$f":"M11","v":280},"Sq.m."]
[4,"Providing and applying one  coat of CEMENT PAINT of approved shade and brand over primed surface, including surface preparation, achieving uniform shade and finish, and protecting work from moisture and weather during execution, complete in all respects.",1,null,1,null,350,null,0.8,{"$nulls":3},{"$f":"C12*E12*G12*I12","v":280},"m",{"$f":"M12","v":280},"m"]
[5,"Providing two legged scaffolding using 15cm diameter blue-gum posts or casuarina posts or best quality bamboo posts of 4m over all length (3m+0.5m projection+0.5m into the ground) the distance between the two rows being 1.25m and the spacing of posts being 2m in both the rows with two horizontal posts with 0.5m overlap on either side and braces at2m c/c including longitudinal and transverse middle braces to step up and providing a platform with  country wood planks of 40mm thick and 1m width etc.,in a complete form using coir and nails 1m run. ",1,null,1,null,20,{"$nulls":5},{"$f":"C13*E13*G13","v":20},"Sq.m.",{"$f":"M13","v":20},"Sq.m."]
[]
[]
[1,"Excavation of foundation trench of size 6'0\" x 6'0\" x 6'0\" for 17 columns",1,"x",17,null,6,null,6,null,6,null,{"$f":"C16*E16*G16*I16*K16","v":3672},null,{"$f":"M16","v":3672},"cft",{"$nulls":4},60,null,{"$f":"O16*U16","v":220320}]
[]
[2,"Filling and consolidation of M.Sand at the base of each foundation trench for a depth of 0'6\"  for 17 columns ",1,null,17,null,6,null,6,null,{"$f":"#REF!","v":{"$error":"#REF!"}},null,{"$f":"C18*E18*G18*I18*#REF!","v":{"$error":"#REF!"}},null,{"$f":"M18","v":{"$error":"#REF!"}},"cft",null,"Sand",306,"cft",65,"per cft",{"$f":"S18*U18","v":19890}]
[]
[3,"Laying of Plain Cement Concrete M7.5 grade (1:4:8) of a depth of 0'6\"  for 17 columns ",1,"x",17,null,6,null,6,null,{"$f":"#REF!","v":{"$error":"#REF!"}},null,{"$f":"C20*E20*G20*I20*#REF!","v":{"$error":"#REF!"}},null,{"$f":"M20","v":{"$error":"#REF!"}},"cft",null,"Cement ",29.41,"bags",400,"per bag",{"$f":"U20*S20","v":11764}]
[{"$nulls":17},"Sand",145.01,"cft",65,"per cft",{"$f":"S21*U21","v":9425.65}]
[4,"Laying of Sloped Footing of 5'0\" x 5'0\" with cuboidal base depth of 0'9\" and trapezoidal lining depth of 0'9\" with M20 grade concrete (1:2:4) and reinforcing with 12mm main rods & distributor rods at 0'6\" centre to centre spacing and allround cover clearance of 0'2\" ",1,null,17,null,5,null,5,null,1.5,null,{"$f":"C22*E22*G22*I22*K22","v":637.5},null,{"$f":"M22","v":637.5},"cft",{"$nulls":5},"per cft",{"$f":"O22*U22","v":0}]
[{"$nulls":17},"Cement ",108.3,"bags",400,"per bag",{"$f":"S23*U23","v":43320}]
[5,"Laying of Column Pedestal of 1'6\" x 1'6\" x2'6\" (5.625cft)with M20 grade concrete 1:2:4 and reinforcing with 4rods of 16mm, 4 rods of 20mm,  1 diamond stirrup, 1 two-legged stirrup spaced at 0'6\"c/c providing cover clearance of 0'1\" allround and 1'6\" L-bend at the base",1,null,17,null,1.5,null,{"$f":"G24","v":1.5},null,2.5,null,{"$f":"C24*E24*G24*I24*K24","v":95.625},null,{"$f":"M24","v":95.625},"cft",null,"Cement ",16.26,"bags",400,"per bag",{"$f":"S24*U24","v":{"v":6504.000000000001,"d":"6504.00"}}]
[{"$nulls":17},"Sand",40.59,"cft",65,"per cft",{"v":2638.3500000000004,"d":"2638.35"}]
[6,"Providing Grade Beam at Plinth level of size  1'6\" x 2'0\" for a length of 300'0\" with M20 grade concrete 1:2:4 and steel reinforcement of 4 16mm bars & 4 12mm bars bound by 1 diamond stirrup, 1 two-legged stirrup at 0'7\" c/c spacing with cover clearance of 0'1\"",1,null,1,null,300,null,1.5," ",2,null,{"$f":"G26*I26*K26*E26","v":900},null,{"$f":"M26","v":900},"cft",null,"Cement ",152.8,"bags",400,"per bag",{"$f":"S26*U26","v":{"v":61120.00000000001,"d":"61120.00"}}]
[{"$nulls":17},"Sand",381.69,"cft",65,"per cft",24809.85]
[7,"Laying of Columns of size 1'6\" x 1'6\" from plinth level upto roof beam bottom level for a height of 15'6\" with M20 grade concrete 1:2:4 and reinforcing with 4rods of 16mm, 4 rods of 20mm bound by 1 diamond stirrup, 1 two-legged stirrup spaced at 0'6\"c/c providing cover clearance of 0'1\" allround",1,null,17,null,1.5,null,1.5,null,15.5,null,{"$f":"C28*E28*G28*I28*K28","v":592.875},null,{"$f":"M28","v":592.875},"cft",null,"Cement ",100.68,"bags",400,"per bag",{"$f":"S28*U28","v":{"v":40272,"d":"40272.00"}}]
[{"$nulls":17},"Sand",251.36,"cft",65,"per cft",{"v":16338.400000000001,"d":"16338.40"}]
[8,"Laying of Roof Beam of size 2'6\" x 1'6\" for a length of 300'0\" with M20 grade concrete 1:2:4 and steel reinforcement of 4 20mm bars & 6 16mm bars bound by 1 diamond stirrup, 1 two-legged stirrup at 0'6\" c/c spacing with 0'1\" cover ",1,null,1,null,300,null,2.5,null,1.5,null,{"$f":"C30*E30*G30*I30*K30","v":1125},null,{"$f":"M30","v":1125},"cft",null,"Cement ",191.1,"bags",400,"per bag",{"$f":"S30*U30","v":76440}]
[{"$nulls":17},"Sand",477.11,"cft",65,"per cft",31012.15]
[9,"Providing two-way Roof Slab of thickness 0'6\" for a span of 2611 sqft with M20 grade concrete 1:2:4 and steel reinforcement of 10mm rods as main rods at 0'5\" c/c spacing and 8mm rods as distributor rods at 0'5\" c/c spacing",1,null,1,null,2611,{"$nulls":3},0.5,null,{"$f":"C32*E32*G32*K32","v":1305.5},null,{"$f":"M32","v":1305.5},"cft",null,"Cement ",221.56,"bags",400,"per bag",{"$f":"S32*U32","v":88624}]
[{"$nulls":17},"Sand",553.62,"cft",65,"per cft",35985.3]
[10,"Laying of weathering course for slab floor span of 2611 sqft of 0'6\" thickness using lime,brick jelly,sand",1,null,1,null,2611,{"$nulls":3},0.5,null,{"$f":"C34*E34*G34*K34","v":1305.5},null,{"$f":"M34","v":1305.5},"cft",null,"lime",221,"bags",300,null,66300]
[{"$nulls":17},"brick jelly",1105,"cft",60,null,66300]
[11,"Providing One-Brick Parapet Wall of 0'9\" thickness at the circumferrence of roof slab for a length of 233'0\" & height 1'0\" using burnt clay bricks of dimensions 0'9\" x 0'4 1/2\" x 0'3\" & cement M.sand mortar of ratio 1:6 ",1,null,1,null,233,null,0.75,null,1,null,{"$f":"C36*E36*G36*I36*K36","v":174.75},null,{"$f":"M36","v":174.75},"cft",null,"Brick",3000,"nos",12,"per no",36000]
[{"$nulls":17},"Cement ",4.14,"bags",400,"per bag",1655.9999999999998]
[{"$nulls":17},"Sand",25.67,"cft",60,"per cft",1540.2]
[{"$nulls":22},{"$f":"SUM(W36:W38)","v":39196.2}]
[12,"Plastering of Parapet Wall of length 233'0\" , height 1'0\" & thickness 0'9\" with cornice throating layer a top of thickness 1'3\"using cement, p-sand at the ratio of 1:4",{"$nulls":12},{"$f":"M41+M42","v":873.75},"sqft",null,"Cement ",8.34,"bags",400,"per bag",{"$f":"S40*U40","v":3336}]
[null,"Parapet Wall Sides",1,null,2,null,233,{"$nulls":3},1,null,{"$f":"C41*E41*G41*K41","v":466}]
[null,"Parapet Wall top cornice layer",1,null,1,null,233,null,{"$f":"1.25+0.5","v":1.75},{"$nulls":3},{"$f":"E42*G42*I42","v":407.75},{"$nulls":4},"P-Sand",41.3,"cft",60,"per cft",{"$f":"932*U42","v":55920}]
[{"$nulls":22},{"$f":"SUM(W40:W42)","v":59256}]
[13,"Plastering of lateral sides of beam of area 1350 sqft using cement , p-sand at 1:4",1,null,1,null,300,{"$nulls":3},2.5,null,{"$f":"C44*E44*K44*G44","v":750},null,{"$f":"M44+M45","v":1350},"sqft",null,"Cement ",9.1,"bags",400,"per bag",{"$f":"U44*S44","v":3640}]
[null,null,1,null,1,null,300,{"$nulls":3},2,null,{"$f":"C45*E45*G45*K45","v":600},{"$nulls":4},"P-Sand",45,"cft",65,"per cft",{"$f":"S45*U45","v":2925}]
[{"$nulls":22},{"$f":"SUM(W44:W45)","v":6565}]
[14,"Plastering of Slab Ceiling of span 2611 sqft using cement and p-sand at 1:3",1,null,1,null,2611,{"$nulls":7},{"$f":"G47","v":2611},"sqft",null,"Cement ",29.26,"bags",400,"per bag",{"$f":"U47*S47","v":11704}]
[{"$nulls":17},"P-Sand",108.51,"cft",65,"per cft",{"$f":"S48*U48","v":7053.150000000001}]
[{"$nulls":22},{"$f":"SUM(W47:W48)","v":18757.15}]
[15,"Flooring of span 2216sqft using 20mm thick granite slab(0.7ft) over sand spread of 0'2\" thickness with cement paste",1,null,1,null,2611,{"$nulls":3},0.065,null,{"$f":"C50*E50*G50*K50","v":{"v":169.715,"d":"169.72"}},null,{"$f":"M50","v":{"v":169.715,"d":"169.72"}},"cft",null,"Granite ",2219,"sft",400,null,{"$f":"2219*400","v":887600}]
[{"$nulls":17},"Sand",369.8,"cft",65,null,{"$f":"S51*U51","v":24037}]
[16,"Ornamental pillar decorative plastering as per the drawing . Included pothigai and all other moulding designs included.",1,null,17,{"$nulls":7},{"$f":"C52*E52","v":17},null,17,"Nos",{"$nulls":4},30000,null,{"$f":"O52*U52","v":510000}]
[]
[17,"Kodunkai plastering all other decorative plasterings",1,null,90,{"$nulls":7},{"$f":"C54*E54","v":90},null,{"$f":"M54","v":90},"Rft",{"$nulls":4},1800,null,{"$f":"O54*U54","v":162000}]
[]
[18,"Salaharam work infront of mandapam east side ",1,null,90,{"$nulls":7},{"$f":"O56","v":90},null,90,"Rft",{"$nulls":4},3600,null,{"$f":"O56*U56","v":324000}]
[]
[19,"Centring of sides and/or soffits using MS Sheets & MS Angles suorted by silver oal joists, silver oak planks and casaurian posts  ",{"$nulls":12},{"$f":"M59+M61+M63+M65+M71+M69+M68+M67","v":7957},"Sqft",{"$nulls":4},25,"per Rft",{"$f":"O58*U58","v":198925}]
["a","Footing",1,null,17,null,{"$f":"5*4","v":20},{"$nulls":3},1.5,null,{"$f":"E59*G59*K59","v":510},null,{"$f":"M59","v":510}]
[]
["b","Column Pedestal",1,null,17,null,6,{"$nulls":3},2.5,null,{"$f":"E61*G61*K61","v":255},null,{"$f":"M61","v":255},{"$nulls":5},25,"per Rft",{"$f":"O59*U61","v":12750}]
[]
["c","Plinth Beam",1,null,2,null,300,{"$nulls":3},2,null,{"$f":"C63*E63*G63*K63","v":1200},null,{"$f":"M63","v":1200},{"$nulls":6},"LS",6000]
[]
["d","Column",1,null,17,null,6,{"$nulls":3},15.5,null,{"$f":"C65*E65*G65*K65","v":1581},null,{"$f":"M65","v":1581},{"$nulls":5},150,"per sqft",{"$f":"O65*U65","v":237150}]
[]
["e","Beam exterior side",1,null,1,null,300,{"$nulls":3},2.5,null,{"$f":"C67*E67*G67*K67","v":750},null,{"$f":"M67+M68+M69","v":1800},{"$nulls":5},60,"per sqft",{"$f":"O67*U67","v":108000}]
[null,"Beam interior side",1,null,1,null,300,{"$nulls":3},2,null,{"$f":"C68*E68*G68*K68","v":600}]
[" ","Beam soffit (bottom)",1,null,1,null,300,{"$nulls":3},1.5,null,{"$f":"C69*E69*G69*K69","v":450},{"$nulls":7},80,"Rft",0]
[]
["f","Roof Slab",1,null,1,null,2611,{"$nulls":5},{"$f":"C71*E71*G71","v":2611},null,{"$f":"M71","v":2611},{"$nulls":5},80,"Rft",208880]
[]
[20,"Fabrication of Steel Reinforcement","_",{"$nulls":11},{"$f":"STEEL!Z100:Z100","v":{"v":9580.451851851853,"d":"9580.45"}},"kgs"]
[]
[21,"Painting two coats of newly plastered wall surface with ready mixed Exterior Exterior emulsion paint of first class quality and of approved colour over a priming coat including thorough scrapping, clean removal of dirt, and including necessary plaster of paris putty, wherever required etc., complete complying with standard specification.","L.S.",{"$nulls":3},"_",{"$nulls":5},"L.S.",null,{"v":280,"d":"280.00"},"lit"]
[]
[22,"Providing Scaffolding  with Casurina posts for main form work and covered with non inflammable shadow net made in Polimer / Plastic etc complete for Vimanam","L.S.",{"$nulls":9},"L.S.",null,{"v":4,"d":"4.00"},"ton"]
[{"$nulls":22},{"$f":"SUM(W16:W73)","v":3747954.4}]

{"sheet":"LEAD","index":2,"n_rows":28,"n_cols":12,"rows_kept":28,"hidden":true,"merged":[[0,0,0,7],[3,0,3,7],[4,0,4,7],[27,0,27,7]]}
[" PROPOSED CONSTRUCTION OF R.C.C. MANDAPAM FOR AALAMARATHADI IYARKAI VINAYAGAR TEMPLE AT CHENNAI"]
[]
[]
["With Reference to Arulmigu Kalamegaperumal Thirukoil, Thirumohur, Madurai East Taluk, Madurai District."]
["LEAD  STATEMENT 2023- 24"]
["Sl.      No","Name of materials","Source","Lead in\nKm","Unit","Cost of\nMaterials","Lead\nCharges","Total cost \nat Site",null,null,"Labour Charges  2023-24","per day"]
[1,"Cement","At Site",0,"MT",{"v":6040,"d":"6040.00"},0,{"$f":"SUM(F7:G7)","v":{"v":6040,"d":"6040.00"}},null,null,"Carpenter I Class",976]
[2," R.T.S rods ","At Site",0,"MT",{"v":58000,"d":"58000.00"},0,{"v":58000,"d":"58000.00"},null,null,"Carpenter II Class",932]
[3,"C.S. Sand (M.Sand) for Mortar and filling","Thadhampatti",36,"Cum",{"v":1338,"d":"1338.00"},353.22,{"$f":"SUM(F9:G9)","v":1691.22},null,null,"Fitter I Class for Other works",881]
[4,"P. Sand  ",{"$f":"C9","v":"Thadhampatti"},{"$f":"D9","v":36},"Cum",{"v":1343,"d":"1343.00"},353.22,1696.22,null,null,"Fitter II Class for Other works",856]
[5,"H.B.Stone 40mm","Thadhampatti",36,"Cum",{"v":1069.8,"d":"1069.80"},353.22,1423.02,null,null,"Fitter I Class for Barbending",866]
[6,"H.B.Stone 20mm",{"$f":"C11","v":"Thadhampatti"},{"$f":"D11","v":36},"Cum",{"v":1489,"d":"1489.00"},353.22,1842.22,null,null,"Fitter II Class",839]
[7,"H.B.Stone  12mm",{"$f":"C11","v":"Thadhampatti"},{"$f":"D11","v":36},"Cum",{"v":1382,"d":"1382.00"},353.22,1735.22,null,null,"Plumber I Class",866]
[8,"H.B.Stone 10mm",{"$f":"C11","v":"Thadhampatti"},{"$f":"D11","v":36},"Cum",{"v":1016,"d":"1016.00"},353.22,1369.22,null,null,"Plumber II Class",839]
[9,"Rough Stone",{"$f":"C11","v":"Thadhampatti"},{"$f":"D11","v":36},"Cum",{"v":449.4,"d":"449.40"},353.22,802.62,null,null,"Mason I class",999]
[10,"Bond Stone",{"$f":"C11","v":"Thadhampatti"},{"$f":"D11","v":36},"Cum",{"v":648.4,"d":"648.40"},353.22,1001.62,null,null,"Mason II class",932]
[11,"II Class Chamber\n Bricks 9\"x43/8\"x23/4\"","Silaiman",16,"1000 nos",{"v":6595,"d":"6595.00"},{"v":247,"d":"247.00"},{"v":6842,"d":"6842.00"},null,null,"Mazdoor I class",651]
[12,"Country Bricks 8 3/4\" x 41/4\" x 2 3/4\"",{"$f":"C17","v":"Silaiman"},{"$f":"D17","v":16},{"$f":"E17","v":"1000 nos"},{"v":5709,"d":"5709.00"},{"$f":"K47","v":{"v":0,"d":"0.00"}},{"v":5709,"d":"5709.00"},null,null,"Mazdoor II class",534]
[12,"Brick jelly 20mm tk",{"$f":"C17","v":"Silaiman"},{"$f":"D17","v":16},"Cum",{"v":786,"d":"786.00"},{"v":120,"d":"120.00"},{"v":906,"d":"906.00"},null,null,"Painter I Class",797]
[13,"Brick jelly 40mm tk",{"$f":"C17","v":"Silaiman"},{"$f":"D19","v":16},"Cum",{"v":705,"d":"705.00"},{"v":0,"d":"0.00"},{"v":705,"d":"705.00"},null,null,"Painter II Class",772]
[14,"Shell lime","At Site",0,"Cum",{"v":1348,"d":"1348.00"},{"v":0,"d":"0.00"},{"v":1348,"d":"1348.00"},null,null,"Stone Cutter I Class",766]
[15,"Slaked Lime","Madurai",12,"Cum",{"v":993,"d":"993.00"},{"v":93,"d":"93.00"},{"v":1086,"d":"1086.00"},null,null,"Stone Cutter II Class",738]
[16,"Pressed tiles   200 x 200 x 20mm","Madurai",12,"1000 nos",{"v":11356,"d":"11356.00"},{"v":0,"d":"0.00"},{"v":11356,"d":"11356.00"},null,null,"Floor Polisher",769]
[17,"Pressed tiles   230 x 230 x 20mm",{"$f":"C23","v":"Madurai"},{"$f":"D23","v":12},"1000 nos",{"v":16106,"d":"16106.00"},{"v":0,"d":"0.00"},{"v":16106,"d":"16106.00"}]
[18,"Gravel","Local",5,"Cum",{"v":222.7,"d":"222.70"},{"v":0,"d":"0.00"},{"v":222.7,"d":"222.70"}]
[19,"Stone Dust",{"$f":"C11","v":"Thadhampatti"},{"$f":"D11","v":36},"Cum",{"v":123.7,"d":"123.70"},{"v":0,"d":"0.00"},{"v":123.7,"d":"123.70"}]
[20,"Slaked Lime","Pollachi",180,"Cum",{"v":10345,"d":"10345.00"},{"$f":"K56","v":{"v":0,"d":"0.00"}},{"$f":"SUM(F27:G27)","v":{"v":10345,"d":"10345.00"}}]
["Certified that the Lead particulars given above are True and Correct to the best of my knowledge."]

{"sheet":"DATA","index":3,"n_rows":176,"n_cols":16,"rows_kept":176,"hidden":true,"merged":[[0,0,1,8],[3,0,4,8],[56,3,56,5],[65,3,65,6],[93,3,93,5],[106,3,106,5],[117,1,117,2],[144,3,144,5],[175,0,175,8]]}
["ESTIMATION FOR ADDITIONAL CONSTRUCTION OF MASONRY OVER EXISTING COMPOUND WALL AT KANNUR AIRPORT,KOCHI"]
[]
[]
["STANDARD DATA & SUB DATA FOR LISTED WORKS \nINCLUDES MATERIAL & LABOR RATE PER UNIT WORK"]
[]
[]
[{"$nulls":13},"Page"]
["S.NO","QUANTITY","UNIT","DESCRIPTION OF WORK","RATE","PER UNIT","AMOUNT","RATE PER CFT","RATE PER SFT",{"$nulls":4},33,"Mixing Cement Mortar",{"v":116,"d":"116.00"}]
[{"$nulls":13},33,"Grinding LimeMortar",{"v":280.6,"d":"280.60"}]
[]
[]
[1,1,"Cum","Earthwork excavation for foundation and basement",{"$nulls":9},26,"Earth Filling",38.95]
[null,1,"Cum","Earthwork excavation in Hard soil & loose soil (112.05+74.85)/2",93.45,"Cum",{"$f":"ROUND((B13*E13),2)","v":93.45},{"$f":"G13/35.31","v":{"v":2.646559048428207,"d":"2.65"}},{"$nulls":5},26,"C.S.Sand (M.Sand) Filling",{"v":34.2,"d":"34.20"}]
[{"$nulls":14},"vibration charges",{"v":94.2,"d":"94.20"}]
[2,1,"Cum","M.Sand filling for foundation and Basement"]
[null,1,"Cum","M.Sand",{"$f":"LEAD!H9","v":1691.22},"Cum",{"$f":"B16*E16","v":1691.22}]
[null,1,"Cum","Filling charges",{"$f":"P13","v":{"v":34.2,"d":"34.20"}},"Cum",{"$f":"B17*E17","v":{"v":34.2,"d":"34.20"}}]
[{"$nulls":3},"Rate per Cum",null,null,{"$f":"ROUNDUP(SUM(G16:G17),2)","v":1725.42},{"$f":"G18/35.31","v":{"v":48.864910790144435,"d":"48.86"}}]
[]
[3,10,"Cum","P.C.C. 1:4:8 using 40mm HBS metal for foundation"]
[null,{"v":9,"d":"9.00"},"Cum","40mm HBS Metal",{"$f":"LEAD!H11","v":1423.02},"Cum",{"$f":"ROUND((B21*E21),2)","v":12807.18}]
[null,{"v":4.5,"d":"4.50"},"Cum","C.M.1:4",{"$f":"G33","v":3981.62},"Cum",{"$f":"ROUND((B22*E22),2)","v":17917.29}]
[null,{"v":1.8,"d":"1.80"},"Nos","Mason II class",{"$f":"LEAD!L16","v":{"v":932,"d":"932.00"}},"Each",{"$f":"ROUND((B23*E23),2)","v":{"v":1677.6,"d":"1677.60"}}]
[null,{"v":17.7,"d":"17.70"},"Nos","Mazdoor I class",{"$f":"LEAD!L17","v":{"v":651,"d":"651.00"}},"Each",{"$f":"ROUND((B24*E24),2)","v":{"v":11522.7,"d":"11522.70"}}]
[null,{"v":14.1,"d":"14.10"},"Nos","Mazdoor II class",{"$f":"LEAD!L18","v":{"v":534,"d":"534.00"}},"Each",{"$f":"ROUND((B25*E25),2)","v":{"v":7529.4,"d":"7529.40"}}]
[{"$nulls":3},"Total Charges per 10 Cum",null,null,{"$f":"ROUNDUP(SUM(G21:G25),2)","v":51454.17}]
[{"$nulls":3},"Rate per Cum",null,null,{"$f":"ROUNDUP((G26/10),1)","v":{"v":5145.5,"d":"5145.50"}},{"$f":"G27/35.31","v":{"v":145.72359105069384,"d":"145.72"}}]
[]
[null,1,"Cum","CEMENT MORTAR  1:4"]
[null,360,"Kg","Cement",{"$f":"LEAD!H7","v":{"v":6040,"d":"6040.00"}},"MT",{"$f":"ROUND((B30*E30/1000),2)","v":{"v":2174.4,"d":"2174.40"}}]
[null,1,"Cum","C.S.Sand (M.Sand) for mortar",{"$f":"G16","v":1691.22},"Cum",{"$f":"ROUND((B31*E31),2)","v":1691.22}]
[null,1,"Cum","Mixing charges",{"$f":"P8","v":{"v":116,"d":"116.00"}},"Cum",{"$f":"ROUND((B32*E32),2)","v":{"v":116,"d":"116.00"}}]
[{"$nulls":3},"Rate per Cum",null,null,{"$f":"SUM(G30:G32)","v":3981.62}," "]
[]
[4,10,"Cum"," R.C.C M15 grade concrete (1:2:4) "]
[{"$nulls":3},"CEMENT MORTAR  1:2"]
[null,720,"Kg","Cement",{"$f":"E30","v":{"v":6040,"d":"6040.00"}},"MT",{"$f":"ROUND((B37*E37/1000),2)","v":{"v":4348.8,"d":"4348.80"}}]
[null,1,"Cum","C.S.Sand (M.Sand) for mortar",{"$f":"E31","v":1691.22},"Cum",{"$f":"ROUND((B38*E38),2)","v":1691.22}]
[null,1,"Cum","Mixing charges",{"$f":"E32","v":{"v":116,"d":"116.00"}},"Cum",{"$f":"ROUND((B39*E39),2)","v":{"v":116,"d":"116.00"}}]
[{"$nulls":3},"Rate per Cum",null,null,{"$f":"SUM(G37:G39)","v":6156.02}," "]
[null,10,"Cum","R.C.C. M15 GRADE 1:2:4 USING 20MM COARSE AGG."]
[null,{"v":9,"d":"9.00"},"Cum","20mm HBS Metal",{"$f":"LEAD!H12","v":1842.22},"Cum",{"$f":"ROUND((B42*E42),2)","v":16579.98}]
[null,{"v":4.5,"d":"4.50"},"Cum","C.M.1:2",{"$f":"G40","v":6156.02},"Cum",27702.09]
[null,{"v":3.5,"d":"3.50"},"Nos","Mason II class",{"$f":"DATA!E23","v":{"v":932,"d":"932.00"}},"Each",{"v":3262,"d":"3262.00"}]
[null,{"v":21.2,"d":"21.20"},"Nos","Mazdoor I class",{"$f":"E24","v":{"v":651,"d":"651.00"}},"Each",{"v":13801.2,"d":"13801.20"}]
[null,{"v":35.3,"d":"35.30"},"Nos","Mazdoor II class",{"$f":"E25","v":{"v":534,"d":"534.00"}},"Each",{"v":18850.2,"d":"18850.20"}]
[null,{"v":10,"d":"10.00"},"Cum","Vibration Charges",{"$f":"P14","v":{"v":94.2,"d":"94.20"}},"Cum",{"v":942,"d":"942.00"}]
[{"$nulls":3},"Total for 10 cum",null,null,{"$f":"SUM(G39:G47)","v":{"v":87409.48999999999,"d":"87409.49"}}]
[{"$nulls":3},"Rate per Cum",null,null,{"$f":"ROUNDUP((G48/10),1)","v":{"v":8741,"d":"8741.00"}},{"$f":"G49/35.31","v":{"v":247.55026904559614,"d":"247.55"}}]
[null,1,"MT","Fabrication of Steel Reinforcement"]
[null,1000,"Kg","Mild steel or RTS",{"$f":"LEAD!H8","v":{"v":58000,"d":"58000.00"}},"MT",{"$f":"B51*E51/1000","v":{"v":58000,"d":"58000.00"}}]
[null,{"v":10,"d":"10.00"},"Kg","Binding wire",56.35,"Kg",{"$f":"B52*E52","v":{"v":563.5,"d":"563.50"}}]
[null,{"v":35,"d":"35.00"},"Nos","Fitter I class",{"$f":"LEAD!L11","v":{"v":866,"d":"866.00"}},"Each",{"$f":"B53*E53","v":{"v":30310,"d":"30310.00"}},null," "]
[{"$nulls":3},"Total Rate per MT",null,null,{"$f":"SUM(G51:G53)","v":{"v":88873.5,"d":"88873.50"}}]
[{"$nulls":3},"Rate per Qtl ",null,null,{"$f":"ROUND((G54/10),1)","v":{"v":8887.4,"d":"8887.40"}}]
[]
[10,{"v":10,"d":"10.00"},"Cum","Weathering Course with broken 20mm brick jelly  lime Concrete 1:2:5 "]
[null,{"v":12.8,"d":"12.80"},"Cum","Brick jelly 20mm",{"$f":"LEAD!H19","v":{"v":906,"d":"906.00"}},"Cum",{"$f":"ROUND((B58*E58),2)","v":{"v":11596.8,"d":"11596.80"}}]
[null,{"v":5,"d":"5.00"},"Cum","Slacked Lime",{"$f":"LEAD!H22","v":{"v":1086,"d":"1086.00"}},"Cum",{"$f":"ROUND((B59*E59),2)","v":{"v":5430,"d":"5430.00"}}]
[null,{"v":1.8,"d":"1.80"},"Nos","Mason I class",{"$f":"LEAD!L15","v":{"v":999,"d":"999.00"}},"Each",{"$f":"ROUND((B60*E60),2)","v":{"v":1798.2,"d":"1798.20"}}]
[null,{"v":17.7,"d":"17.70"},"Nos","Mazdoor I class",{"$f":"LEAD!L17","v":{"v":651,"d":"651.00"}},"Each",{"$f":"ROUND((B61*E61),2)","v":{"v":11522.7,"d":"11522.70"}}]
[null,{"v":14.1,"d":"14.10"},"Nos","Mazdoor II class",{"$f":"E46","v":{"v":534,"d":"534.00"}},"Each",{"$f":"ROUND((B62*E62),2)","v":{"v":7529.4,"d":"7529.40"}}]
[{"$nulls":3},"Total Rate per 10 cum",null,null,{"$f":"SUM(G58:G62)","v":{"v":37877.1,"d":"37877.10"}}]
[{"$nulls":3},"Rate per Cum ",null,null,{"$f":"ROUND((G63/10),1)","v":{"v":3787.7,"d":"3787.70"}},{"$f":"G64/35.31","v":{"v":107.26989521382043,"d":"107.27"}}]
[]
[11,2.83,"cum","Brick work in following Cement Mortar using best quality II class Ground moulded chamber burnt bricks of size 9\" x 4-1/2\" x 3\" including curing, etc., complete complying with standard specifiction."]
[{"$nulls":3},"In Cement Mortar 1:6"]
[null,{"v":1160,"d":"1160.00"},"Nos.","II class Ground moulded chamber burnt bricks of size 9\" x 4-1/2\" x 3\" ",{"$f":"LEAD!H17","v":{"v":6842,"d":"6842.00"}},"1000 Nos.",{"$f":"+E68*B68/1000","v":7936.72}]
[null,0.623,"cu.m.","Cement mortar 1:6",{"$f":"G80","v":{"v":3256.8199999999997,"d":"3256.82"}},"cu.m.",{"$f":"+E69*B69","v":{"v":2028.99886,"d":"2029.00"}}]
[null,{"v":1,"d":"1.00"},"Nos.","Mason I Class",{"$f":"E60","v":{"v":999,"d":"999.00"}},"Each",{"$f":"+E70*B70","v":{"v":999,"d":"999.00"}}]
[null,{"v":3,"d":"3.00"},"Nos.","Mason II Class",{"$f":"E44","v":{"v":932,"d":"932.00"}},"Each",{"$f":"+E71*B71","v":{"v":2796,"d":"2796.00"}}]
[null,{"v":2,"d":"2.00"},"Nos.","Mazdoor I Class",{"$f":"E61","v":{"v":651,"d":"651.00"}},"Each",{"$f":"+E72*B72","v":{"v":1302,"d":"1302.00"}}]
[null,{"v":6,"d":"6.00"},"Nos.","Mazdoor II Class",{"$f":"E62","v":{"v":534,"d":"534.00"}},"Each",{"$f":"+E73*B73","v":{"v":3204,"d":"3204.00"}}]
[{"$nulls":3},"Total for 100 cft (or) 2.83168 cu.m.",null,null,{"$f":"SUM(G68:G73)","v":{"v":18266.71886,"d":"18266.72"}}]
[{"$nulls":3},"Rate for 1 cu.m.",null,null,{"$f":"CEILING(G74/2.83168,0.05)","v":6450.85},{"$f":"G75/35.31","v":{"v":182.69187199093741,"d":"182.69"}}]
[{"$nulls":3},"CEMENT MORTAR  1:6"]
[null,{"$f":"1440/6","v":240},"Kg","Cement",{"$f":"E37","v":{"v":6040,"d":"6040.00"}},"MT",{"$f":"ROUND((B77*E77/1000),2)","v":{"v":1449.6,"d":"1449.60"}}]
[null,1,"Cum","C.S.Sand (M.Sand) for mortar",{"$f":"E31","v":1691.22},"Cum",{"$f":"ROUND((B78*E78),2)","v":1691.22}]
[null,1,"Cum","Mixing charges",{"$f":"E39","v":{"v":116,"d":"116.00"}},"Cum",{"$f":"ROUND((B79*E79),2)","v":{"v":116,"d":"116.00"}}]
[{"$nulls":3},"Rate per Cum",null,null,{"$f":"SUM(G77:G79)","v":{"v":3256.8199999999997,"d":"3256.82"}}]
[]
["12,13",10,"Sqm","Plastering with CM 1: 5  12mm tk"]
[null,0.14,"Cum","Cement Mortar 1:5 with P.Sand",{"$f":"G93","v":3551.74},"cu.m.",{"$f":"ROUND((B83*E83),2)","v":497.24}]
[null,{"v":1.1,"d":"1.10"},"Nos","Mason I class",{"$f":"E70","v":{"v":999,"d":"999.00"}},"Each",{"$f":"ROUND((B84*E84),2)","v":{"v":1098.9,"d":"1098.90"}}]
[null,{"v":0.5,"d":"0.50"},"Nos","Mazdoor I class",{"$f":"E72","v":{"v":651,"d":"651.00"}},"Each",{"$f":"ROUND((B85*E85),2)","v":{"v":325.5,"d":"325.50"}}]
[null,{"v":1.1,"d":"1.10"},"Nos","Mazdoor II  class",{"$f":"E73","v":{"v":534,"d":"534.00"}},"Each",{"$f":"ROUND((B86*E86),2)","v":{"v":587.4,"d":"587.40"}}]
[{"$nulls":3},"Total Rate Per 10 sqm",null,null,{"$f":"SUM(G83:G86)","v":2509.04}]
[{"$nulls":3},"Rate per  Sqm",null,null,{"$f":"ROUNDUP((G87/10),1)","v":{"v":251,"d":"251.00"}},null,{"$f":"G88/10.76","v":{"v":23.327137546468403,"d":"23.33"}}]
[{"$nulls":3},"CEMENT MORTAR  1:5"]
[null,288,"Kg","Cement",{"$f":"E77","v":{"v":6040,"d":"6040.00"}},"MT",{"$f":"ROUND((B90*E90/1000),2)","v":1739.52}]
[null,1,"Cum","C.S.Sand (M.Sand) for mortar",{"$f":"LEAD!H10","v":1696.22},"Cum",{"$f":"ROUND((B91*E91),2)","v":1696.22}]
[null,1,"Cum","Mixing charges",{"$f":"E79","v":{"v":116,"d":"116.00"}},"Cum",{"$f":"ROUND((B92*E92),2)","v":{"v":116,"d":"116.00"}}]
[{"$nulls":3},"Rate per Cum",null,null,{"$f":"SUM(G90:G92)","v":3551.74}]
[14,{"v":10,"d":"10.00"},"sqm","Special ceiling plastering and finishing the exposed surface of all RCC items of work such as slabs, beams, sunshades, facia, canopy slab, staircase waist slab, landing slab etc., with Cement Mortar 1:3 (One Cement and Three P.Sand) 10mm thick "]
[null,{"v":0.1,"d":"0.10"},"cu.m.","Cement mortar 1:3 with P.Sand",{"$f":"G105","v":4711.42},"cu.m.",{"$f":"+E95*B95","v":{"v":471.14200000000005,"d":"471.14"}}]
[null,{"v":1.1,"d":"1.10"},"Nos.","Mason I Class",{"$f":"E84","v":{"v":999,"d":"999.00"}},"Each",{"$f":"+E96*B96","v":{"v":1098.9,"d":"1098.90"}}]
[null,{"v":1.1,"d":"1.10"},"Nos.","Mazdoor I Class",{"$f":"E85","v":{"v":651,"d":"651.00"}},"Each",{"$f":"+E97*B97","v":{"v":716.1,"d":"716.10"}}]
[null,{"v":1.1,"d":"1.10"},"Nos.","Mazdoor II Class",{"$f":"E86","v":{"v":534,"d":"534.00"}},"Each",{"$f":"+E98*B98","v":{"v":587.4000000000001,"d":"587.40"}}]
[{"$nulls":3},"Total for 10 sq.m.",null,null,{"$f":"SUM(G95:G98)","v":{"v":2873.5420000000004,"d":"2873.54"}}]
[{"$nulls":3},"Rate per  Sqm",null,null,{"$f":"ROUNDUP((G99/10),1)","v":{"v":287.40000000000003,"d":"287.40"}},null,{"$f":"G100/10.76","v":{"v":26.710037174721194,"d":"26.71"}}]
[{"$nulls":3},"CEMENT MORTAR  1:3 with P.Sand",{"$nulls":4},"."]
[null,480,"Kg","Cement",{"$f":"E90","v":{"v":6040,"d":"6040.00"}},"MT",{"$f":"ROUND((B102*E102/1000),2)","v":{"v":2899.2,"d":"2899.20"}}]
[null,1,"Cum","P.Sand for mortar",{"$f":"E91","v":1696.22},"Cum",{"$f":"B103*E103","v":1696.22}]
[null,1,"Cum","Mixing charges",{"$f":"E92","v":{"v":116,"d":"116.00"}},"Cum",{"$f":"B104*E104","v":{"v":116,"d":"116.00"}}]
[{"$nulls":3},"Total Charges per Cum",null,null,{"$f":"SUM(G102:G104)","v":4711.42}]
[]
[15,{"v":10,"d":"10.00"},"Sqm","Paving the floor with best approved quality fine polished Granite Stone Slabs of size 1200 x 600 of 18 / 20mm thick of Jet Black and  similar varieties with machine cut edges laid over a cement mortar bed of 20mm thick using cement mortar 1:3 (One cement and three sand) fixing the slabs with required cement slurry and laid in true right angles with minimum possible width of joints and pointing the joints with white cement mixed with matching colouring pigments etc., The granite stone slabs and other materials to be used shall be got approved by the Executive Engineer concerned before use on work, etc., complete as per standard speicification. "]
[null,{"v":10,"d":"10.00"},"Sqm","Cost of Jet Black Granite slabs - 20mm thick",{"v":1737,"d":"1737.00"}," m2",{"$f":"ROUND((B108*E108),2)","v":{"v":17370,"d":"17370.00"}}]
[null,0.21,"Cum","Cement mortar 1:3",{"$f":"G124","v":4711.42},"m3",{"v":989.4,"d":"989.40"}]
[null,{"v":4,"d":"4.00"},"Kg","Colour White cement",27.25,"KG",{"v":109,"d":"109.00"}]
[null,{"v":1.1,"d":"1.10"},"Nos","Mason I class",{"$f":"E96","v":{"v":999,"d":"999.00"}},"Each",{"v":1098.9,"d":"1098.90"}]
[null,{"v":2.7,"d":"2.70"},"Nos","Mason II class",{"$f":"LEAD!L16","v":{"v":932,"d":"932.00"}},"Each",{"v":2516.4,"d":"2516.40"}]
[null,{"v":2.7,"d":"2.70"},"Nos","Mazdoor I category",{"$f":"E97","v":{"v":651,"d":"651.00"}},"Each",{"v":1757.7,"d":"1757.70"}]
[null,{"v":3.3,"d":"3.30"},"Nos","Mazdoor II category",{"$f":"E98","v":{"v":534,"d":"534.00"}},"Each",{"v":1762.2,"d":"1762.20"}]
[null,{"v":0.5,"d":"0.50"},"No","Stone Cutter",{"$f":"LEAD!L21","v":{"v":766,"d":"766.00"}},"Each",{"v":383,"d":"383.00"}]
[null,{"v":14,"d":"14.00"},"Kg","Cement slurry",{"$f":"E121/1000","v":6.04},"KG",84.56]
[null,{"v":0.5,"d":"0.50"},"Kg","Cottan waste",{"v":10.4,"d":"10.40"},"KG",{"v":5.2,"d":"5.20"}]
[{"$nulls":3},"Total Rate per 10 Sqm",null,null,{"$f":"SUM(G108:G117)","v":{"v":26076.360000000008,"d":"26076.36"}}]
[{"$nulls":3},"Rate per  sqm",null,null,{"$f":"ROUND(G118/10,1)","v":{"v":2607.6,"d":"2607.60"}},null,{"$f":"G119/10.76","v":{"v":242.34200743494424,"d":"242.34"}}]
[{"$nulls":3},"CEMENT MORTAR  1:3"]
[null,{"$f":"1440/3","v":480},"Kg","Cement",{"$f":"E90","v":{"v":6040,"d":"6040.00"}},"MT",{"$f":"ROUND((B121*E121/1000),2)","v":{"v":2899.2,"d":"2899.20"}}]
[null,1,"Cum","C.S.Sand (M.Sand) for mortar",{"$f":"E91","v":1696.22},"Cum",{"$f":"ROUND((B122*E122),2)","v":1696.22}]
[null,1,"Cum","Mixing charges",{"$f":"E92","v":{"v":116,"d":"116.00"}},"Cum",{"$f":"ROUND((B123*E123),2)","v":{"v":116,"d":"116.00"}}]
[{"$nulls":3},"Rate per Cum",null,null,{"$f":"SUM(G121:G123)","v":4711.42}," "]
[]
[{"$nulls":3},"LUMPSUM CALCULATION"]
[16,1,"Nos","Ornamental pillar decorative plastering as per the drawing . Included pothigai and all other moulding designs included.",30000,"per no.",{"$f":"B127*E127","v":30000}]
[{"$nulls":6}," "]
[17,1,"Rft","Kodunkai plastering all other decorative plasterings",1800,"Rft",{"$f":"B129*E129","v":1800}]
[{"$nulls":6}," "]
[18,1,"Rft","Salaharam work infront of mandapam east side ",3600,"Rft",3600]
[]
[19,null,null,"CENTRING"]
[{"$nulls":3},"Main Data"]
[null,1,"Use","Cost of M.S.Sheets with angle",483.51,"Use",{"$f":"ROUND((B135*E135),2)","v":483.51}]
[null,1,"Use"," Cost of C.W.Props and Joists",868.44,"Use",{"$f":"ROUND((B136*E136),2)","v":868.44}]
[null,"L.S",null,"Add for silver Oak Planks",null,"L.S",34.74]
[null,3.8,"Nos","Carpenter I class",{"$f":"LEAD!L7","v":{"v":976,"d":"976.00"}},"Each",{"$f":"ROUND((B138*E138),2)","v":{"v":3708.8,"d":"3708.80"}}]
[null,5.4,"Nos","Mazdoor I class",{"$f":"E113","v":{"v":651,"d":"651.00"}},"Each",{"$f":"ROUND((B139*E139),2)","v":{"v":3515.4,"d":"3515.40"}}]
[null,1,"No","Fitter II class",{"$f":"LEAD!L10","v":{"v":856,"d":"856.00"}},"Each",{"$f":"ROUND((B140*E140),2)","v":{"v":856,"d":"856.00"}}]
[null,"L.S",null,"Add for Wedges,coir,nails etc"," ","L.S",43.42]
[null,"L.S",null,"Add for Periodical Cleaning,ainting\nof M.S.Sheets and Angles",null,"L.S",69.33]
[{"$nulls":3},"Total for 10 Sqm ",null,null,{"$f":"SUM(G135:G142)","v":9579.64}]
[{"$nulls":3},"Rate per Sqm ",null,null,{"$f":"ROUND((G143/10),1)","v":{"v":958,"d":"958.00"}},null,{"$f":"G144/10.76","v":{"v":89.03345724907064,"d":"89.03"}}]
[null,10,"Sqm","Sub Data for strutting to centering for 3m Ht  "]
[null,98.5,"Rm","Casurina Props 10 to 13 cm dia  for 5 operations",{"v":25.2,"d":"25.20"},"Rm",{"$f":"ROUND((B146*E146),2)","v":{"v":2482.2,"d":"2482.20"}}]
[{"$nulls":3},"Rate per operation or use",null,null,{"$f":"G146/5","v":{"v":496.43999999999994,"d":"496.44"}}]
[null,1,"Use","Cost of Casurina posts",{"$f":"G147","v":{"v":496.43999999999994,"d":"496.44"}},"Use",{"$f":"ROUND((B148*E148),2)","v":496.44}]
[null,0.3,"No","Carpenter I class",{"$f":"E138","v":{"v":976,"d":"976.00"}},"Each",{"$f":"ROUND((B149*E149),2)","v":{"v":292.8,"d":"292.80"}}]
[null,0.3,"No","Mazdoor I class",{"$f":"E139","v":{"v":651,"d":"651.00"}},"Each",{"$f":"ROUND((B150*E150),2)","v":{"v":195.3,"d":"195.30"}}]
[null,"L.S",null,"Add for Wedges,coir,nails etc","L.S",null,8.46]
[{"$nulls":3},"Total for 10 Sqm for 3m ht",null,null,{"$f":"SUM(G148:G151)","v":{"v":993,"d":"993.00"}}]
[null,1,"Sqm","Column footings, Grade beam and plinth beam"]
[null,{"v":1,"d":"1.00"},"Sqm","Centering for shuttering",{"$f":"G144","v":{"v":958,"d":"958.00"}},"Sqm",{"$f":"B154*E154","v":{"v":958,"d":"958.00"}}]
[null,{"v":1,"d":"1.00"},"Sqm","Less Cost of strutting for 3m",{"$f":"G152/10","v":{"v":99.3,"d":"99.30"}},"Sqm",{"$f":"B155*E155","v":{"v":99.3,"d":"99.30"}}]
[{"$nulls":3},"Total Rate per Sqm",null,null,{"$f":"G154-G155","v":{"v":858.7,"d":"858.70"}},null,{"$f":"G156/10.76","v":{"v":79.80483271375465,"d":"79.80"}}]
[null,1,"Sqm","Centering for slab, beam, lintel"]
[null,{"v":1,"d":"1.00"},"Sqm","Centering for shuttering",{"$f":"G144","v":{"v":958,"d":"958.00"}},"Sqm",{"$f":"B158*E158","v":{"v":958,"d":"958.00"}}]
[{"$nulls":3},"Total Rate per Sqm",null,null,{"$f":"SUM(G158:G158)","v":{"v":958,"d":"958.00"}},null,{"$f":"G159/10.76","v":{"v":89.03345724907064,"d":"89.03"}}]
[null,1,"Sqm","Centering for columns"]
[null,{"v":1,"d":"1.00"},"Sqm","Centering for shuttering",{"$f":"G144","v":{"v":958,"d":"958.00"}},"Sqm",{"$f":"B161*E161","v":{"v":958,"d":"958.00"}}]
[null,{"v":1,"d":"1.00"},"Sqm","Add 20% extra for column",null,null,{"$f":"G161*0.2","v":{"v":191.60000000000002,"d":"191.60"}}]
[{"$nulls":3},"Total Rate per Sqm",null,null,{"$f":"SUM(G161:G162)","v":{"v":1149.6,"d":"1149.60"}},null,{"$f":"G163/10.76","v":{"v":106.84014869888475,"d":"106.84"}}]
[]
[20,1,"MT","Fabrication of Steel Reinforcement"]
[null,1000,"Kg","Mild steel or RTS",{"$f":"LEAD!H8","v":{"v":58000,"d":"58000.00"}},"MT",{"$f":"B166*E166/1000","v":{"v":58000,"d":"58000.00"}}]
[null,{"v":10,"d":"10.00"},"Kg","Binding wire",56.35,"Kg",{"$f":"B167*E167","v":{"v":563.5,"d":"563.50"}}]
[null,{"v":35,"d":"35.00"},"Nos","Fitter I class",{"$f":"LEAD!L11","v":{"v":866,"d":"866.00"}},"Each",{"$f":"B168*E168","v":{"v":30310,"d":"30310.00"}}]
[{"$nulls":3},"Total Rate per MT",null,null,{"$f":"SUM(G166:G168)","v":{"v":88873.5,"d":"88873.50"}}]
[{"$nulls":3},"Rate per Qtl ",null,null,{"$f":"ROUND((G169/10),1)","v":{"v":8887.4,"d":"8887.40"}}]
[]
[21,null,"L.S.","Painting two coats of newly plastered wall surface with ready mixed Exterior Exterior emulsion paint of first class quality and of approved colour over a priming coat including thorough scrapping, clean removal of dirt, and including necessary plaster of paris putty, wherever required etc., complete complying with standard specification.",680,"per litre"]
[]
[22,null,"L.S.","Providing Scaffolding for Gopurams with Casurina posts for main form work and covered with non inflammable shadow net made in Polimer / Plastic etc complete for Vimanam",18000,"per ton"]
[]
["NOTE: RATES OF S.NO. 16,17,18,21,22 WERE DECIDED BY RESPECTIVE STHAPATHI IN CHARGE\nRATES FOR REMAINING ITEMS OF WORK WERE TAKEN FROM STANDARD DATA BOOK FOR BUILDING WORKS 2023-24"]

{"sheet":"DATA2","index":4,"n_rows":75,"n_cols":18,"rows_kept":75,"merged":[[0,0,1,6],[3,0,4,6],[8,3,8,6],[10,12,10,13],[11,12,12,13],[13,12,13,16],[14,12,14,16],[19,12,19,13],[20,12,20,13],[21,12,21,13],[26,12,26,13],[27,12,27,13],[37,3,37,6],[40,11,40,12],[41,11,41,12],[61,1,61,6],[71,9,71,11],[72,9,72,11],[73,9,73,11]]}
["ESTIMATION FOR ADDITIONAL CONSTRUCTION OF MASONRY OVER EXISTING COMPOUND WALL AT KANNUR AIRPORT,KOCHI"]
[]
[]
["STANDARD DATA & SUB DATA FOR LISTED WORKS \nINCLUDES MATERIAL & LABOR RATE PER UNIT WORK"]
[]
[]
["S.NO","QUANTITY","UNIT","DESCRIPTION OF WORK","RATE","PER UNIT","AMOUNT"]
[]
[1,2.83,"Cu.m.","Additional construction of masonry wall of 200mm  thick, 300mm high for length of about 350 metres, over existing compound wall using laterite blocks of dimension 300mm x 150mm x 200mm(8in thick) and cement mortar of mix ratio 1:6",{"$nulls":8},2.83,"Cu.m."]
[{"$nulls":3},"In Cement Mortar 1:6"]
[null,315,"Nos."," laterite blocks of dimension 300mm x 150mm x 200mm(8in thick)",{"v":28,"d":"28.00"},"nos.",{"$f":"E11*B11","v":{"v":8820,"d":"8820.00"}},{"$nulls":5},"adding one inch or 25mm of mortar around each block",null,0.325,0.175,0.225,{"$f":"O11*P11*Q11","v":0.012796875}]
[null,{"$f":"R15","v":{"v":1.196015625,"d":"1.196"}},"cu.m.","Cement mortar 1:6",{"$f":"G23","v":{"v":4458.9,"d":"4458.90"}},"cu.m.",{"$f":"+E12*B12","v":{"v":5332.9140703124995,"d":"5332.91"}},{"$nulls":5},"normal dimension of block",null,0.3,0.15,0.2,{"$f":"O12*P12*Q12","v":0.009}]
[null,{"v":1,"d":"1.00"},"Nos.","Mason I Class",{"v":999,"d":"999.00"},"Each",{"$f":"+E13*B13","v":{"v":999,"d":"999.00"}}]
[null,{"v":3,"d":"3.00"},"Nos.","Mason II Class",{"v":932,"d":"932.00"},"Each",{"$f":"+E14*B14","v":{"v":2796,"d":"2796.00"}},{"$nulls":5},"volume of mortar for each block",{"$nulls":4},{"$f":"R11-R12","v":0.003796875}]
[null,{"v":2,"d":"2.00"},"Nos.","Mazdoor I Class",{"v":651,"d":"651.00"},"Each",{"$f":"+E15*B15","v":{"v":1302,"d":"1302.00"}},{"$nulls":5},"total volume of mortar",{"$nulls":4},{"$f":"R14*315","v":{"v":1.196015625,"d":"1.19601563"}}]
[null,{"v":6,"d":"6.00"},"Nos.","Mazdoor II Class",{"v":534,"d":"534.00"},"Each",{"$f":"+E16*B16","v":{"v":3204,"d":"3204.00"}}]
[{"$nulls":3},"Total for 100 cft (or) 2.83168 cu.m.",null,null,{"$f":"SUM(G11:G16)","v":{"v":22453.9140703125,"d":"22453.91"}}]
[{"$nulls":3},"Rate for 1 cu.m.",null,null,{"$f":"G17/2.83168","v":{"v":7929.537966971021,"d":"7929.54"}}]
[{"$nulls":3},"CEMENT MORTAR  1:6",{"$nulls":10},21,"cum"]
[null,{"$f":"1440/6","v":240},"Kg","Cement",{"$f":"380*20","v":{"v":7600,"d":"7600.00"}},"MT",{"$f":"ROUND((B20*E20/1000),2)","v":{"v":1824,"d":"1824.00"}},null,"rate per cft",{"$nulls":3},"cement",{"$nulls":3},{"$f":"B20*R15","v":{"v":287.04375,"d":"287.04"}},"kg"]
[null,1,"Cum","C.S.Sand (M.Sand) for mortar",{"v":2518.9,"d":"2518.90"},"Cum",{"$f":"ROUND((B21*E21),2)","v":{"v":2518.9,"d":"2518.90"}},null,{"$f":"E21/35.31","v":71.33673180402153},{"$nulls":3},"sand",{"$nulls":3},{"$f":"B21*R15","v":{"v":1.196015625,"d":"1.20"}},"cum"]
[null,1,"Cum","Mixing charges",{"v":116,"d":"116.00"},"Cum",{"$f":"ROUND((B22*E22),2)","v":{"v":116,"d":"116.00"}},{"$nulls":5},"blocks",{"$nulls":3},{"$f":"(B11/2.83)*O19","v":{"v":2337.4558303886924,"d":"2337.46"}},"nos"]
[{"$nulls":3},"Rate per Cum",null,null,{"$f":"SUM(G20:G22)","v":{"v":4458.9,"d":"4458.90"}}]
[]
[2,10,"Sqm","Plastering with CM 1: 5  12mm tk"]
[null,{"$f":"B25*0.012","v":0.12},"Cum","Cement Mortar 1:5 with M.Sand",{"$f":"G36","v":{"v":4823.700000000001,"d":"4823.70"}},"Cum",{"$f":"ROUND((B26*E26),2)","v":578.84},{"$nulls":7},280,"sqft",{"$f":"O26*0.012","v":3.36},"cum"]
[null,{"v":1.1,"d":"1.10"},"Nos","Mason I class",{"v":999,"d":"999.00"},"Each",{"$f":"ROUND((B27*E27),2)","v":{"v":1098.9,"d":"1098.90"}},{"$nulls":5},"cement",{"$nulls":3},{"$f":"B33*Q26","v":967.68},"kg"]
[null,{"v":0.5,"d":"0.50"},"Nos","Mazdoor I class",{"v":651,"d":"651.00"},"Each",{"$f":"ROUND((B28*E28),2)","v":{"v":325.5,"d":"325.50"}},{"$nulls":5},"sand",{"$nulls":3},{"$f":"B34*Q26","v":3.36},"cum"]
[null,{"v":1.1,"d":"1.10"},"Nos","Mazdoor II  class",{"v":534,"d":"534.00"},"Each",{"$f":"ROUND((B29*E29),2)","v":{"v":587.4,"d":"587.40"}}]
[{"$nulls":3},"Total Rate Per 10 sqm",null,null,{"$f":"SUM(G26:G29)","v":{"v":2590.6400000000003,"d":"2590.64"}}]
[{"$nulls":3},"Rate per  Sqm",null,null,{"$f":"ROUNDUP((G30/10),1)","v":{"v":259.1,"d":"259.10"}}]
[{"$nulls":3},"CEMENT MORTAR  1:5"]
[null,288,"Kg","Cement",{"$f":"E20","v":{"v":7600,"d":"7600.00"}},"MT",{"$f":"ROUND((B33*E33/1000),2)","v":{"v":2188.8,"d":"2188.80"}}]
[null,1,"Cum","C.S.Sand (M.Sand) for mortar",{"$f":"E21","v":{"v":2518.9,"d":"2518.90"}},"Cum",{"$f":"ROUND((B34*E34),2)","v":{"v":2518.9,"d":"2518.90"}}]
[null,1,"Cum","Mixing charges",{"v":116,"d":"116.00"},"Cum",{"$f":"ROUND((B35*E35),2)","v":{"v":116,"d":"116.00"}}]
[{"$nulls":3},"Rate per Cum",null,null,{"$f":"SUM(G33:G35)","v":{"v":4823.700000000001,"d":"4823.70"}}]
[]
["3,4",{"v":10,"d":"10.00"},"SQ.M.","Supplying and painting the walls with one coat of cement paint over one coat of cement primer including preparation of surface curing, etc., complete in all floors complying with standard specifications (The colour and shade of the cement paint shall be got approved by the Executive Engineer before use of work)."]
[{"$nulls":3},"For basic one coat of primer with cement paint"]
[null,{"v":10,"d":"10.00"},"sq.m.","Cleaning the plastered surface",5.25,"sq.m.",{"$f":"+E40*B40","v":{"v":52.5,"d":"52.50"}},{"$nulls":6},280,"Sq.m."]
[null,{"v":1.8,"d":"1.80"},"Kg","Cement Paint ",49.85,"Kg",{"$f":"+E41*B41","v":89.73},{"$nulls":4},"cement primer",null,null,{"$f":"(B41/10)*N40","v":50.4},"kg"]
[null,0.25,"Nos.","Painter I Class",{"v":797,"d":"797.00"},"Each",{"$f":"+E42*B42","v":199.25},{"$nulls":4},"cement paint",null,null,{"$f":"(B49/10)*N40","v":42},"kg"]
[null,0.25,"Nos.","Mazdoor I Class",{"v":651,"d":"651.00"},"Each",{"$f":"+E43*B43","v":162.75},{"$nulls":4},"sundries",null,null,300,"rupees"]
[null,{"v":0.4,"d":"0.40"},"Nos.","Mazdoor II Class",{"v":534,"d":"534.00"},"Each",{"$f":"+E44*B44","v":{"v":213.60000000000002,"d":"213.60"}}]
[null,null,"LS","Sundries for brushes, etc.",null,"LS",{"v":200,"d":"200.00"}]
[{"$nulls":3},"Rate for 10 sq.m.",null,null,{"$f":"SUM(G40:G45)","v":917.83}]
[{"$nulls":3},"Rate for 1 sq.m.",null,null,{"$f":"CEILING(G46/10,0.05)","v":{"v":91.80000000000001,"d":"91.80"}}]
[{"$nulls":3},"For finishing one coat"]
[null,{"$f":"I49/2","v":1.5},"Kg","Cement Paint ",49.85,"Kg",{"$f":"B49*E49","v":{"v":74.775,"d":"74.78"}},null,{"v":3,"d":"3.00"}]
[null,{"$f":"I50/2","v":0.25},"Nos.","Painter I Class",{"v":797,"d":"797.00"},"Each",{"$f":"B50*E50","v":199.25},null,{"v":0.5,"d":"0.50"}]
[null,0.25,"Nos.","Mazdoor I Class",{"v":651,"d":"651.00"},"Each",162.75,null,{"v":0.5,"d":"0.50"}]
[null,{"$f":"I52/2","v":0.4},"Nos.","Mazdoor II Class",{"v":534,"d":"534.00"},"Each",{"v":213.60000000000002,"d":"213.60"},null,{"v":0.8,"d":"0.80"}]
[null,null,"LS","Sundries for brushes, etc.",null,"LS",{"v":100,"d":"100.00"}]
[{"$nulls":3},"Rate per 10 sq.m.",null,null,{"$f":"SUM(G49:G53)","v":{"v":750.375,"d":"750.38"}}]
[{"$nulls":3},"Rate per 1 sq.m.",null,null,{"$f":"CEILING(G54/10,0.05)","v":75.05}]
[]
[{"$nulls":3},"Main Data"]
[null,{"v":1,"d":"1.00"},"sq.m.","Basic one coat of primer with cement paint",{"$f":"G47","v":{"v":91.80000000000001,"d":"91.80"}},null,{"$f":"+E58*B58","v":{"v":91.80000000000001,"d":"91.80"}}]
[null,{"v":1,"d":"1.00"},"sq.m.","For finishing one coat with cement paint",{"$f":"G55","v":75.05},null,{"$f":"+E59*B59","v":75.05}]
[{"$nulls":3},"Rate per 1 sq.m.",null,null,{"$f":"SUM(G58:G59)","v":{"v":166.85000000000002,"d":"166.85"}}]
[]
[5,"Providing two legged scaffolding using 15cm diameter blue-gum posts or casuarina posts or best quality bamboo posts of 4m over all length (3m+0.5m projection+0.5m into the ground) the distance between the two rows being 1.25m and the spacing of posts being 2m in both the rows with two horizontal posts with 0.5m overlap on either side and braces at2m c/c including longitudinal and transverse middle braces to step up and providing a platform with  country wood planks of 40mm thick and 1m width etc.,in a complete form using coir and nails 1m run. "]
[{"$nulls":3},"Rate for 6 run.m"]
[null,{"v":70,"d":"70.00"},"run.m","13cm to15cm.diameter posts (Casuarina or bamboo posts ) ",{"v":33,"d":"33.00"},"1run.m",{"$f":"E64*B64","v":{"v":2310,"d":"2310.00"}}]
[null,{"v":0.3,"d":"0.30"},"m3","Country wood planks(upto 30cm wide-40mm tk)",{"v":39400,"d":"39400.00"},"m3",{"$f":"E65*B65","v":{"v":11820,"d":"11820.00"}}]
[{"$nulls":3},"Total cost of materials",null,null,{"$f":"SUM(G64:G65)","v":{"v":14130,"d":"14130.00"}}]
[{"$nulls":3},"Materials can be used for 10 times",null,null,{"$f":"G66","v":{"v":14130,"d":"14130.00"}},{"$nulls":6},"ls"]
[{"$nulls":3},"Cost per operation",null,null,{"$f":"G67/10","v":{"v":1413,"d":"1413.00"}}]
[]
[{"$nulls":3},"Detailed data"]
[{"$nulls":3},"Cost of materials for one operation",null,null,{"$f":"G68","v":{"v":1413,"d":"1413.00"}}]
[null,{"v":2,"d":"2.00"},"nos","Mazdoor I class",{"v":651,"d":"651.00"},"Each",{"$f":"E72*B72","v":{"v":1302,"d":"1302.00"}},null,null,"Coir, nails etc.,",{"$nulls":3},1000,"LS"]
[null,null,"LS","Coir, nails etc.,",null,null,{"$f":"G71*5%","v":70.65},null,null,"COUNTRY WOOD PLANKS",{"$nulls":3},{"$f":"(B65/6)*20","v":0.9999999999999999},"CUM",3300,"ls"]
[{"$nulls":3},"Total for 6 run.m",null,null,{"$f":"SUM(G71:G73)","v":2785.65},null,null,"POSTS",{"$nulls":3},{"$f":"(B64/6)*20","v":233.33333333333331},"RUN.M",{"$f":"N74*E64","v":7699.999999999999}]
[{"$nulls":3},"Rate for 1 run.m",null,null,{"$f":"ROUND(G74/6,1)","v":{"v":464.3,"d":"464.30"}}]

{"sheet":"Sheet2","index":5,"n_rows":16,"n_cols":20,"rows_kept":16,"merged":[[0,0,0,7],[1,0,1,7],[3,9,4,10],[3,11,4,11],[3,12,4,12],[4,0,6,0],[4,1,6,1],[5,9,6,10],[5,11,6,11],[5,12,6,12],[7,0,8,0],[7,1,8,1],[7,9,8,10],[7,11,8,11],[7,12,8,12],[9,0,11,0],[9,1,11,1],[9,9,10,10],[9,11,10,11],[9,12,10,12],[11,5,11,6],[12,0,14,0],[12,1,14,1],[12,5,12,6],[13,5,13,6],[15,0,16,6],[15,7,16,7],[15,9,16,10],[15,11,16,12],[27,0,27,6]]}
["ESTIMATION FOR ADDITIONAL CONSTRUCTION OF MASONRY OVER EXISTING COMPOUND WALL AT KANNUR AIRPORT,KOCHI"]
["MATERIAL PURCHASE  - ( Approx Qty )"]
[]
["S.No",null,"Material","Quantity","Unit","RATE","Per Unit","AMOUNT",null,"Price of one 50kg bag of cement",null,380,"rupees"]
[1,"LATERITE MASONRY","Cement",{"v":287.04375,"d":"287.04"},"kg",{"$f":"380/50","v":{"v":7.6,"d":"7.60"}},"per kg",{"$f":"D5*F5","v":{"v":2181.5325,"d":"2181.53"}}]
[null,null,"M Sand",{"v":1.196015625,"d":"1.20"},"cum",{"$f":"L10/35.31","v":{"v":71.33673180402153,"d":"71.34"}},"per cft",{"$f":"(D6*35.31)*F6","v":{"v":3012.6437578125006,"d":"3012.64"}},null,"Density of M Sand",null,1750,"kg/cum"]
[null,null,"Laterite block",{"v":2337.4558303886924,"d":"2337.46"},"nos",{"v":45,"d":"45.00"},"block",{"$f":"D7*F7","v":{"v":105185.51236749116,"d":"105185.51"}}]
[2,"PLASTERING","Cement",967.68,"kg",{"$f":"F5","v":{"v":7.6,"d":"7.60"}},{"$f":"G5","v":"per kg"},{"$f":"D8*F8","v":{"v":7354.3679999999995,"d":"7354.37"}},null,"Price of 1 ton M Sand",null,{"$f":"(L10/7)*4","v":1439.3714285714286},"rupees",{"$nulls":3},1200,3,10,{"$f":"Q8*R8*S8","v":36000}]
[null,null,"M Sand",3.36,"cum",{"$f":"F6","v":{"v":71.33673180402153,"d":"71.34"}},"per cft",{"$f":"D9*F9","v":{"v":239.69141886151232,"d":"239.69"}},{"$nulls":8},1000,4,10,{"$f":"Q9*R9*S9","v":40000}]
["3,4","PAINTING","Cement Primer",{"v":50.4,"d":"50.40"},"kg",{"v":50,"d":"50.00"},"per kg",{"v":2520,"d":"2520.00"},null,"Price of 1 CuM of M Sand",null,2518.9,"rupees"]
[null,null,"Cement Paint",{"v":42,"d":"42.00"},"kg",{"v":50,"d":"50.00"},"per kg",{"v":2100,"d":"2100.00"}]
[null,null,"Sundries for brush etc.",{"v":300,"d":"300.00"},"rupees","LS",null,{"$f":"D12","v":{"v":300,"d":"300.00"}}]
[5,"SCAFFOLDING","Coir, nails etc.",{"v":1000,"d":"1000.00"},"rupees","LS",null,{"$f":"D13","v":{"v":1000,"d":"1000.00"}}]
[null,null,"Country wood planks",{"v":0.9999999999999999,"d":"1.00"},"cum","LS",null,{"v":3300,"d":"3300.00"}]
[null,null,"Casuarina posts",{"v":233.33333333333331,"d":"233.33"},"run m.",{"v":33,"d":"33.00"},"per run m ",{"v":7699.999999999999,"d":"7700.00"}]
["TOTAL MATERIAL ESTIMATE",{"$nulls":6},{"$f":"SUM(H5:H15)","v":{"v":134893.74804416517,"d":"134893.75"}},null,"APPROX LABOR ESTIMATE",null,{"$f":"Q16-H16","v":{"v":198026.47731553737,"d":"198026.48"}},{"$nulls":4},332920.22535970254]

{"sheet":"STEEL","index":6,"n_rows":108,"n_cols":27,"rows_kept":108,"hidden":true,"merged":[[0,0,1,25],[2,0,2,25],[3,2,3,15],[4,2,4,4],[4,6,4,7],[4,9,4,10],[4,12,4,13],[24,25,26,25],[31,25,33,25],[38,25,40,25],[45,25,47,25],[49,6,49,10],[52,25,53,25],[55,6,55,10],[63,16,64,16],[66,16,67,16],[69,6,69,10],[102,19,102,22]]}
["PROPOSED CONSTRUCTION OF R.C.C. MANDAPAM FOR AALAMARATHADI IYARKAI VINAYAGAR TEMPLE AT CHENNAI"]
[]
["STEEL TONNAGE CALCULATION"]
["S.No.","Description of Work","Dimension",{"$nulls":13},"Quantity\n(size)","Unit",null,"Material Required","Quantity","Unit","Weight per rod\nkg/12m","Per Unit","Total Weight of individual rods","Total weight of cummulative rods(kg)"]
[null,null,"Nos",{"$nulls":3},"Length",null,null,"Width",null,null,"Depth",null,null,"Volume"]
[{"$nulls":6},"ft","in",null,"ft","in",null,"ft","in",null,"cft"]
[]
[1,"Excavation of foundation trench of size 6'0\" x 6'0\" x 6'0\" for 17 columns",1,"x",17,null,6,0,null,6,0,null,6,0,null,{"$f":"C8*E8*G8*J8*M8","v":3672},{"$f":"P8","v":3672},"cft",{"$nulls":4},{"v":60,"d":"60.00"},null,{"$f":"Q8*W8","v":{"v":220320,"d":"220320.00"}}]
[]
[2,"Filling and consolidation of M.Sand at the base of each foundation trench for a depth of 0'6\"  for 17 columns ",1,null,17,null,6,null,null,6,null,null,{"$f":"N10","v":0.5},0.5,null,{"$f":"C10*E10*G10*J10*N10","v":306},{"$f":"P10","v":306},"cft",null,"Sand",306,"cft",{"v":65,"d":"65.00"},"per cft",{"$f":"U10*W10","v":{"v":19890,"d":"19890.00"}}]
[]
[3,"Laying of Plain Cement Concrete M7.5 grade (1:4:8) of a depth of 0'6\"  for 17 columns ",1,"x",17,null,6,0,null,6,0,null,{"$f":"N12","v":0.5},0.5,null,{"$f":"C12*E12*G12*J12*N12","v":306},{"$f":"P12","v":306},"cft",null,"Cement ",29.41,"bags",{"v":400,"d":"400.00"},"per bag",{"$f":"W12*U12","v":{"v":11764,"d":"11764.00"}}]
[{"$nulls":19},"Sand",145.01,"cft",{"v":65,"d":"65.00"},"per cft",{"$f":"U13*W13","v":9425.65}]
[{"$nulls":19},"40mm coarse aggregate",306.17,"cft",{"v":30,"d":"30.00"},"per cft",{"$f":"U14*W14","v":{"v":9185.1,"d":"9185.10"}}]
[{"$nulls":24},{"$f":"SUM(Y12:Y14)","v":30374.75}]
[4,"Laying of Sloped Footing of 5'0\" x 5'0\" with cuboidal base depth of 0'9\" and trapezoidal lining depth of 0'9\" with M20 grade concrete (1:2:4) and reinforcing with 12mm main rods & distributor rods at 0'6\" centre to centre spacing and allround cover clearance of 0'2\" ",1,null,17,null,5,0,null,5,0,null,1.5,0,null,{"$f":"C16*E16*G16*J16*M16","v":637.5},{"$f":"P16","v":637.5},"cft",{"$nulls":5}," "," "]
[{"$nulls":19},"Cement ",108.3,"bags",{"v":400,"d":"400.00"},"per bag",{"$f":"U17*W17","v":{"v":43320,"d":"43320.00"}}]
[{"$nulls":19},"Sand",270.38,"cft",{"v":65,"d":"65.00"},"per cft",{"$f":"U18*W18","v":{"v":17574.7,"d":"17574.70"}}]
[{"$nulls":19},"20mm coarse aggregate",540.77,"cft",{"v":40,"d":"40.00"},"per cft",{"$f":"U19*W19:W19","v":{"v":21630.8,"d":"21630.80"}}]
[{"$nulls":19},"12 mm steel rod",32,"rods",{"$f":"12*12/162*12","v":{"v":10.666666666666666,"d":"10.67"}},"per kg",{"$f":"U20*W20","v":{"v":341.3333333333333,"d":"341.33"}},{"$f":"Y20","v":{"v":341.3333333333333,"d":"341.33"}}]
[{"$nulls":24}," "]
[5,"Laying of Column Pedestal of 1'6\" x 1'6\" x2'6\" (5.625cft)with M20 grade concrete 1:2:4 and reinforcing with 4rods of 16mm, 4 rods of 20mm,  1 diamond stirrup, 1 two-legged stirrup spaced at 0'6\"c/c providing cover clearance of 0'1\" allround and 1'6\" L-bend at the base",1,null,17,null,1.5,0,null,{"$f":"G22","v":1.5},0,null,2.5,0,null,{"$f":"C22*E22*G22*J22*M22","v":95.625},{"$f":"P22","v":95.625},"cft"]
[]
[]
[{"$nulls":19},"8mm steel rod",45.9,"rods",{"$f":"8*8/162*12","v":{"v":4.7407407407407405,"d":"4.74"}},"per kg",{"$f":"U25*W25","v":{"v":217.6,"d":"217.60"}},{"$f":"Y25+Y26+Y27","v":{"v":671.9407407407407,"d":"671.94"}}]
[{"$nulls":19},"16mm steel rod",9.35,"rods",{"$f":"16*16/162*12","v":{"v":18.962962962962962,"d":"18.96"}},"per kg",{"$f":"U26*W26","v":{"v":177.3037037037037,"d":"177.30"}}]
[{"$nulls":19},"20mm steel rod",9.35,"rods",{"$f":"20*20/162*12","v":{"v":29.629629629629626,"d":"29.63"}},"per kg",{"$f":"U27*W27","v":{"v":277.037037037037,"d":"277.04"}}]
[]
[6,"Providing Grade Beam at Plinth level of size 2'0\" x 1'6\" for a length of 300'0\" with M20 grade concrete 1:2:4 and steel reinforcement of 4 16mm bars & 4 12mm bars bound by 1 diamond stirrup, 1 two-legged stirrup at 0'7\" c/c spacing with cover clearance of 0'1\"",1,null,1,null,300,0,null,2,0," ",1.5,0,null,{"$f":"G29*J29*M29*E29","v":900},{"$f":"P29","v":900},"cft"]
[]
[]
[{"$nulls":19},"8mm steel rod",179.55,"rods",{"$f":"8*8/162*12","v":{"v":4.7407407407407405,"d":"4.74"}},"per kg",{"$f":"U32*W32","v":{"v":851.2,"d":"851.20"}},{"$f":"SUM(Y32:Y34)","v":{"v":1740.088888888889,"d":"1740.09"}}]
[{"$nulls":19},"12mm steel rod",30,"rods",{"$f":"12*12/162*12","v":{"v":10.666666666666666,"d":"10.67"}},"per kg",{"$f":"U33*W33","v":{"v":320,"d":"320.00"}}]
[{"$nulls":19},"16mm steel rod",30,"rods",{"$f":"16*16/162*12","v":{"v":18.962962962962962,"d":"18.96"}},"per kg",{"$f":"U34*W34","v":{"v":568.8888888888889,"d":"568.89"}}]
[]
[7,"Laying of Columns of size 1'6\" x 1'6\" from plinth level upto roof beam bottom level for a height of 15'6\" with M20 grade concrete 1:2:4 and reinforcing with 4rods of 16mm, 4 rods of 20mm bound by 1 diamond stirrup, 1 two-legged stirrup spaced at 0'6\"c/c providing cover clearance of 0'1\" allround",1,null,17,null,1.5,0,null,1.5,0,null,15.5,0,null,{"$f":"C36*E36*G36*J36*M36","v":592.875},{"$f":"P36","v":592.875},"cft"]
[]
[]
[{"$nulls":19},"8mm steel rod",{"$f":"6528/40","v":163.2},"rods",{"$f":"8*8/162*12","v":{"v":4.7407407407407405,"d":"4.74"}},"per kg",{"$f":"U39*W39","v":{"v":773.6888888888888,"d":"773.69"}},{"$f":"SUM(Y39:Y41)","v":{"v":2054.1037037037036,"d":"2054.10"}}]
[{"$nulls":19},"16mm steel rod",{"$f":"1054/40","v":26.35},"rods",{"$f":"16*16/162*12","v":{"v":18.962962962962962,"d":"18.96"}},"per kg",{"$f":"U40*W40","v":{"v":499.6740740740741,"d":"499.67"}}]
[{"$nulls":19},"20mm steel rod",{"$f":"1054/40","v":26.35},"rods",{"$f":"20*20/162*12","v":{"v":29.629629629629626,"d":"29.63"}},"per kg",{"$f":"U41*W41","v":{"v":780.7407407407406,"d":"780.74"}}]
[]
[8,"Laying of Roof Beam of size 2'6\" x 1'6\" for a length of 300'0\" with M20 grade concrete 1:2:4 and steel reinforcement of 4 20mm bars & 6 16mm bars bound by 1 diamond stirrup, 1 two-legged stirrup at 0'6\" c/c spacing with 0'1\" cover ",1,null,1,null,300,0,null,2.5,0,null,1.5,0,null,{"$f":"C43*E43*G43*J43*M43","v":1125},{"$f":"P43","v":1125},"cft"]
[]
[]
[{"$nulls":19},"8mm steel bar",{"$f":"9600/40","v":240},"rods",{"$f":"8*8/162*12","v":{"v":4.7407407407407405,"d":"4.74"}},"per kg",{"$f":"U46*W46","v":{"v":1137.7777777777778,"d":"1137.78"}},{"$f":"SUM(Y46:Y48)","v":{"v":2880,"d":"2880.00"}}]
[{"$nulls":19},"16mm steel bar",{"$f":"1800/40","v":45},"rods",{"$f":"16*16/162*12","v":{"v":18.962962962962962,"d":"18.96"}},"per kg",{"$f":"U47*W47","v":{"v":853.3333333333333,"d":"853.33"}}]
[{"$nulls":19},"20mm steel bar",{"$f":"1200/40","v":30},"rods",{"$f":"20*20/162*12","v":{"v":29.629629629629626,"d":"29.63"}},"per kg",{"$f":"U48*W48","v":{"v":888.8888888888888,"d":"888.89"}}]
[]
[9,"Providing two-way Roof Slab of thickness 0'6\" for a span of 2611 sqft with M20 grade concrete 1:2:4 and steel reinforcement of 10mm rods as main rods at 0'5\" c/c spacing and 8mm rods as distributor rods at 0'5\" c/c spacing",1,null,1,null,2611,{"$nulls":5},0.5,null,null,{"$f":"C50*E50*G50*M50","v":1305.5},{"$f":"P50","v":1305.5},"cft"]
[]
[]
[{"$nulls":19},"8 mm steel rod",{"$f":"6233/40","v":155.825},"rods",{"$f":"8*8/162*12","v":{"v":4.7407407407407405,"d":"4.74"}},"per kg",{"$f":"U53*W53","v":{"v":738.7259259259258,"d":"738.73"}},{"$f":"SUM(Y53:Y54)","v":{"v":1892.985185185185,"d":"1892.99"}}]
[{"$nulls":19},"10mm steel rod",{"$f":"6233/40","v":155.825},"rods",{"$f":"10*10/162*12","v":{"v":7.4074074074074066,"d":"7.41"}},"per kg",{"$f":"U54*W54","v":{"v":1154.2592592592591,"d":"1154.26"}}]
[]
[10,"Laying of weathering course for slab floor span of 2611 sqft of 0'6\" thickness using lime,brick jelly,sand",1,null,1,null,2611,{"$nulls":5},0.5,null,null,{"$f":"C56*E56*G56*M56","v":1305.5},{"$f":"P56","v":1305.5},"cft",null,"lime",221,"bags",{"v":300,"d":"300.00"},null,{"$f":"U56*W56","v":{"v":66300,"d":"66300.00"}}]
[{"$nulls":19},"brick jelly",1105,"cft",{"v":60,"d":"60.00"},null,{"$f":"U57*W57","v":{"v":66300,"d":"66300.00"}}]
[{"$nulls":19},"Sand",552.7,"cft",{"v":65,"d":"65.00"},null,{"$f":"U58*W58","v":{"v":35925.5,"d":"35925.50"}}]
[{"$nulls":24},{"$f":"SUM(Y56:Y58)","v":{"v":168525.5,"d":"168525.50"}}]
[11,"Providing One-Brick Parapet Wall of 0'9\" thickness at the circumferrence of roof slab for a length of 233'0\" & height 1'0\" using burnt clay bricks of dimensions 0'9\" x 0'4 1/2\" x 0'3\" & cement M.sand mortar of ratio 1:6 ",1,null,1,null,233,0,null,0.75,0,null,1,0,null,{"$f":"C60*E60*G60*J60*M60","v":174.75},{"$f":"P60","v":174.75},"cft",null,"Brick",3000,"nos",{"v":12,"d":"12.00"},"per no",{"$f":"U60*W60","v":{"v":36000,"d":"36000.00"}}]
[{"$nulls":19},"Cement ",4.14,"bags",{"v":400,"d":"400.00"},"per bag",{"$f":"U61*W61","v":{"v":1655.9999999999998,"d":"1656.00"}}]
[{"$nulls":19},"Sand",25.67,"cft",{"v":60,"d":"60.00"},"per cft",{"$f":"U62*W62","v":{"v":1540.2,"d":"1540.20"}}]
[{"$nulls":24},{"$f":"SUM(Y60:Y62)","v":{"v":39196.2,"d":"39196.20"}}]
[12,"Plastering of Parapet Wall of length 233'0\" , height 1'0\" & thickness 0'9\" with cornice throating layer a top of thickness 1'3\"using cement, p-sand at the ratio of 1:4",1,null,2,null,233,0,{"$nulls":4},1,0,null,{"$f":"C64*E64*G64*M64","v":466},{"$f":"P64+P65","v":873.75},"sqft",null,"Cement ",8.34,"bags",{"v":400,"d":"400.00"},"per bag",{"$f":"U64*W64","v":{"v":3336,"d":"3336.00"}}]
[null,null,1,null,1,null,233,0,null,{"$f":"1.25+0.5","v":1.75},0,{"$nulls":4},{"$f":"E65*G65*J65","v":407.75},{"$nulls":3},"P-Sand",41.3,"cft",{"v":60,"d":"60.00"},"per cft",{"$f":"932*W65","v":{"v":55920,"d":"55920.00"}}]
[{"$nulls":24},{"$f":"SUM(Y64:Y65)","v":{"v":59256,"d":"59256.00"}}]
[13,"Plastering of lateral sides of beam of area 1350 sqft using cement , p-sand at 1:4",1,null,1,null,300,0,{"$nulls":4},2.5,0,null,{"$f":"C67*E67*M67*G67","v":750},{"$f":"P67+P68","v":1350},"sqft",null,"Cement ",9.1,"bags",{"v":400,"d":"400.00"},"per bag",{"$f":"W67*U67","v":{"v":3640,"d":"3640.00"}}]
[null,null,1,null,1,null,300,0,{"$nulls":4},2,0,null,{"$f":"C68*E68*G68*M68","v":600},{"$nulls":3},"P-Sand",45,"cft",{"v":65,"d":"65.00"},"per cft",{"$f":"U68*W68","v":{"v":2925,"d":"2925.00"}}]
[{"$nulls":24},{"$f":"SUM(Y67:Y68)","v":{"v":6565,"d":"6565.00"}}]
[14,"Plastering of Slab Ceiling of span 2611 sqft using cement and p-sand at 1:3",1,null,1,null,2611,{"$nulls":9},{"$f":"G70","v":2611},"sqft",null,"Cement ",29.26,"bags",{"v":400,"d":"400.00"},"per bag",{"$f":"W70*U70","v":{"v":11704,"d":"11704.00"}}]
[{"$nulls":19},"P-Sand",108.51,"cft",{"v":65,"d":"65.00"},"per cft",{"$f":"U71*W71","v":{"v":7053.150000000001,"d":"7053.15"}}]
[{"$nulls":24},{"$f":"SUM(Y70:Y71)","v":18757.15}]
[15,"Flooring of span 2219sqft using 20mm thick granite slab(0.7ft) over sand spread of 0'2\" thickness with cement paste",{"$nulls":14},155.3,"cft",null,"Granite ",2219,"sft",{"v":400,"d":"400.00"},null,{"$f":"2219*400","v":{"v":887600,"d":"887600.00"}}]
[{"$nulls":19},"Sand",369.8,"cft",{"v":65,"d":"65.00"},null,{"$f":"U74*W74","v":{"v":24037,"d":"24037.00"}}]
[{"$nulls":19},"Cement ",10,"bags",{"v":400,"d":"400.00"},null,{"$f":"U75*W75","v":{"v":4000,"d":"4000.00"}}]
[{"$nulls":24},{"$f":"SUM(Y73:Y75)","v":{"v":915637,"d":"915637.00"}}]
[]
[17,"Ornamental pillar decorative plastering as per the drawing . Included pothigai and all other moulding designs included.",{"$nulls":14},17,"Nos",{"$nulls":4},{"v":30000,"d":"30000.00"},null,{"$f":"Q78*W78","v":{"v":510000,"d":"510000.00"}}]
[]
[18,"Kodunkai plastering all other decorative plasterings",{"$nulls":14},90,"Rft",{"$nulls":4},{"v":1800,"d":"1800.00"},null,{"$f":"Q80*W80","v":{"v":162000,"d":"162000.00"}}]
[]
[19,"Salaharam work infront of mandapam east side ",{"$nulls":14},90,"Rft",{"$nulls":4},{"v":3600,"d":"3600.00"},null,{"$f":"Q82*W82","v":{"v":324000,"d":"324000.00"}}]
[]
[20,"Centring for Footing",{"$nulls":14},340,"Rft",{"$nulls":4},{"v":25,"d":"25.00"},"per Rft",{"$f":"Q84*W84","v":{"v":8500,"d":"8500.00"}}]
[]
[21,"Centring for Grade Beam of length 300'0\"",{"$nulls":14},300,"Rft",{"$nulls":4},{"v":25,"d":"25.00"},"per Rft",{"v":7500,"d":"7500.00"}]
[]
[22,"Column Box Rentage for 17 columns of height 15'6\"",{"$nulls":21},"LS",{"v":6000,"d":"6000.00"}]
[]
[23,"Centring and steel work for roof slab and beam of span 2611sqft",{"$nulls":14},2611,"sqft",{"$nulls":4},{"v":150,"d":"150.00"},"per sqft",{"$f":"Q90*W90","v":{"v":391650,"d":"391650.00"}}]
[]
[24,"Steel work for Footing Mat of size 5'0\" x 5'0\"(25sqft) for 17 columns",{"$nulls":14},425,"sqft",{"$nulls":4},{"v":60,"d":"60.00"},"per sqft",{"$f":"Q92*W92","v":{"v":25500,"d":"25500.00"}}]
[]
[25,"Steel Work for Columns of height 15'6\" inclusive of substructure and super structure columns",{"$nulls":14},{"$f":"15.5*17","v":263.5},"Rft",{"$nulls":4},{"v":80,"d":"80.00"},"Rft",{"v":21080,"d":"21080.00"}]
[]
[26,"Steel Work for Grade Beam of length 300'0\"",{"$nulls":14},300,"Rft",{"$nulls":4},{"v":80,"d":"80.00"},"Rft",{"v":24000,"d":"24000.00"}]
[]
[]
[{"$nulls":24},{"$f":"SUM(Y8:Y98)","v":{"v":4289169.1518518515,"d":"4289169.15"}}]
[{"$nulls":25},{"$f":"SUM(Z20:Z99)","v":{"v":9580.451851851853,"d":"9580.45"}},"KGS"]
[{"$nulls":24}," "]
[]
[{"$nulls":16},1,"MT",null,"Fabrication of Steel Reinforcement"]
[{"$nulls":16},1000,"Kg",null,"Mild steel or RTS",{"$f":"LEAD!F8","v":{"v":58000,"d":"58000.00"}},"MT",{"$f":"Q104*U104/1000","v":{"v":58000,"d":"58000.00"}}]
[{"$nulls":16},{"v":10,"d":"10.00"},"Kg",null,"Binding wire",56.35,"Kg",{"$f":"Q105*U105","v":{"v":563.5,"d":"563.50"}}]
[{"$nulls":16},{"v":35,"d":"35.00"},"Nos",null,"Fitter I class",{"$f":"LEAD!L11","v":{"v":866,"d":"866.00"}},"Each",{"$f":"Q106*U106","v":{"v":30310,"d":"30310.00"}}]
[{"$nulls":19},"Total Rate per MT",null,null,{"$f":"SUM(W104:W106)","v":{"v":88873.5,"d":"88873.50"}}]
[{"$nulls":19},"Rate per Qtl ",null,null,{"$f":"ROUND((W107/10),1)","v":{"v":8887.4,"d":"8887.40"}}]